{"text_format":"3","workbook":"xlsx","n_sheets":3,"sheets":["Rekapitulace stavby","ZL43a - Nedofaturované po...","ZL43b - Nedofakturované p..."],"not_rendered":{"images":1,"defined_names":8},"read":"whole","date_system":"1900"}

{"sheet":"Rekapitulace stavby","index":0,"n_rows":57,"n_cols":91,"rows_kept":57,"merged":[[1,43,1,56],[4,10,4,40],[5,10,5,40],[22,4,22,39],[25,36,25,40],[27,11,27,15],[27,22,27,30],[27,36,27,40],[28,11,28,15],[28,22,28,30],[28,36,28,40],[29,11,29,15],[29,22,29,30],[29,36,29,40],[30,11,30,15],[30,22,30,30],[30,36,30,40],[31,11,31,15],[31,22,31,30],[31,36,31,40],[32,11,32,15],[32,22,32,30],[32,36,32,40],[34,23,34,27],[34,36,34,40],[44,11,44,40],[46,38,46,39],[48,38,48,41],[48,44,50,45],[49,38,49,41],[51,2,51,6],[51,8,51,31],[51,32,51,38],[51,39,51,41],[53,32,53,38],[53,39,53,41],[54,3,54,7],[54,9,54,31],[54,32,54,38],[54,39,54,41],[55,4,55,8],[55,10,55,31],[55,32,55,38],[55,39,55,41],[56,4,56,8],[56,10,56,31],[56,32,56,38],[56,39,56,41]]}
["Export Komplet",{"$nulls":50},"VZ","2.0","ZAMOK",{"$nulls":17},"False","False","{1222fae5-eacb-49a7-8901-b0ade3dac4c0}"]
[{"$nulls":70},"0,01","21"]
[{"$nulls":70},"0,01","15"]
[{"$nulls":3},"REKAPITULACE STAVBY",{"$nulls":40},"v ---  níže se nacházejí doplnkové a pomocné údaje k sestavám  --- v",{"$nulls":25},"0,001"]
[{"$nulls":3},"Kód:",{"$nulls":6},"2001-R04_ZL",{"$nulls":59},"0,01"]
[{"$nulls":3},"Stavba:",{"$nulls":6},"KNL - výstavba objektu pro PET/CT - ZMĚNOVÉ LISTY",{"$nulls":59},"0,01"]
[{"$nulls":3},"KSO:",{"$nulls":6},"8011121",{"$nulls":25},"CC-CZ:",null,null,"1264",{"$nulls":30},"0,01"]
[{"$nulls":3},"Místo:",{"$nulls":6},"Liberec",{"$nulls":25},"Datum:",null,null,"31. 1. 2022",{"$nulls":30},"0,01"]
[{"$nulls":3},"CZ-CPV:",{"$nulls":6},"45000000-7",{"$nulls":25},"CZ-CPA:",null,null,"41.00.28",{"$nulls":30},"0,01"]
[{"$nulls":3},"Zadavatel:",{"$nulls":32},"IČ:",null,null,"27283933",{"$nulls":30},"0,01"]
[{"$nulls":4},"Krajská nemocnice Liberec, a.s.",{"$nulls":31},"DIČ:",null,null,"CZ2728393",{"$nulls":30},"0,01"]
[{"$nulls":70},"0,01"]
[{"$nulls":3},"Zhotovitel:",{"$nulls":32},"IČ:",null,null,"26768607",{"$nulls":30},"0,01"]
[{"$nulls":4},"CL-EVANS s.r.o.",{"$nulls":31},"DIČ:",null,null,"CZ26768607",{"$nulls":30},"0,01"]
[{"$nulls":70},"False"]
[{"$nulls":3},"Projektant:",{"$nulls":32},"IČ:",null,null,"25410482",{"$nulls":30},"False"]
[{"$nulls":4},"STORING spol. s r. o.",{"$nulls":31},"DIČ:",null,null,"CZ25410482",{"$nulls":30},"True"]
[{"$nulls":70},"0,01"]
[{"$nulls":3},"Zpracovatel:",{"$nulls":32},"IČ:",null,null,"",{"$nulls":30},"0,01"]
[{"$nulls":4}," ",{"$nulls":31},"DIČ:",null,null,"",{"$nulls":30},"False"]
[]
[{"$nulls":3},"Poznámka:"]
[{"$nulls":4},"Soupis prací je sestaven s využitím Cenové soustavy ÚRS. Položky, které pochází z této cenové soustavy, jsou ve sloupci 'Cenová soustava' označeny popisem 'CS ÚRS' a úrovní příslušného kalendářního pololetí. Veškeré další informace vymezující popis a podmínky použití těchto položek z Cenové soustavy, které nejsou uvedeny přímo v soupisu prací, jsou neomezeně dálkově k dispozici na webu podminky.urs.cz."]
[]
[]
[{"$nulls":3},"Cena bez DPH",{"$nulls":32},{"$f":"ROUND(AG54,2)","v":{"v":-510615.65,"d":"-510,615.65"}}]
[]
[{"$nulls":11},"Sazba daně",{"$nulls":10},"Základ daně",{"$nulls":13},"Výše daně"]
[{"$nulls":3},"DPH",null,"základní",{"$nulls":5},{"v":0.21,"d":"21.00%"},{"$nulls":10},{"$f":"ROUND(AZ54, 2)","v":{"v":-510615.65,"d":"-510,615.65"}},{"$nulls":13},{"$f":"ROUND(AV54, 2)","v":{"v":-107229.29,"d":"-107,229.29"}}]
[{"$nulls":5},"snížená",{"$nulls":5},{"v":0.15,"d":"15.00%"},{"$nulls":10},{"$f":"ROUND(BA54, 2)","v":{"v":0,"d":"0.00"}},{"$nulls":13},{"$f":"ROUND(AW54, 2)","v":{"v":0,"d":"0.00"}}]
[{"$nulls":5},"zákl. přenesená",{"$nulls":5},{"v":0.21,"d":"21.00%"},{"$nulls":10},{"$f":"ROUND(BB54, 2)","v":{"v":0,"d":"0.00"}},{"$nulls":13},{"v":0,"d":"0.00"}]
[{"$nulls":5},"sníž. přenesená",{"$nulls":5},{"v":0.15,"d":"15.00%"},{"$nulls":10},{"$f":"ROUND(BC54, 2)","v":{"v":0,"d":"0.00"}},{"$nulls":13},{"v":0,"d":"0.00"}]
[{"$nulls":5},"nulová",{"$nulls":5},{"v":0,"d":"0.00%"},{"$nulls":10},{"$f":"ROUND(BD54, 2)","v":{"v":0,"d":"0.00"}},{"$nulls":13},{"v":0,"d":"0.00"}]
[]
[{"$nulls":3},"Cena s DPH",{"$nulls":15},"v",{"$nulls":3},"CZK",{"$nulls":12},{"$f":"SUM(AK26:AK33)","v":{"v":-617844.9400000001,"d":"-617,844.94"}}]
[]
[]
[]
[]
[]
[]
[null,null,"REKAPITULACE OBJEKTŮ STAVBY A SOUPISŮ PRACÍ"]
[]
[null,null,"Kód:",{"$nulls":8},{"$f":"K5","v":"2001-R04_ZL"}]
[null,null,"Stavba:",{"$nulls":8},{"$f":"K6","v":"KNL - výstavba objektu pro PET/CT - ZMĚNOVÉ LISTY"}]
[]
[null,null,"Místo:",{"$nulls":8},{"$f":"IF(K8=\"\",\"\",K8)","v":"Liberec"},{"$nulls":22},"Datum:",{"$nulls":3},{"$f":"IF(AN8= \"\",\"\",AN8)","v":"31. 1. 2022"}]
[]
[null,null,"Zadavatel:",{"$nulls":8},{"$f":"IF(E11= \"\",\"\",E11)","v":"Krajská nemocnice Liberec, a.s."},{"$nulls":22},"Projektant:",{"$nulls":3},{"$f":"IF(E17=\"\",\"\",E17)","v":"STORING spol. s r. o."},{"$nulls":5},"Informatívní údaje z listů zakázek"]
[null,null,"Zhotovitel:",{"$nulls":8},{"$f":"IF(E14=\"\",\"\",E14)","v":"CL-EVANS s.r.o."},{"$nulls":22},"Zpracovatel:",{"$nulls":3},{"$f":"IF(E20=\"\",\"\",E20)","v":" "}]
[]
[null,null,"Kód",{"$nulls":5},"Popis",{"$nulls":23},"Cena bez DPH [CZK]",{"$nulls":6},"Cena s DPH [CZK]",null,null,"Typ",null,"z toho Ostat.\r\nnáklady [CZK]","DPH [CZK]","Normohodiny [h]","DPH základní [CZK]","DPH snížená [CZK]","DPH základní přenesená\r\n[CZK]","DPH snížená přenesená\r\n[CZK]","Základna\r\nDPH základní","Základna\r\nDPH snížená","Základna\r\nDPH zákl. přenesená","Základna\r\nDPH sníž. přenesená","Základna\r\nDPH nulová"]
[]
[null,null,"Náklady stavby celkem",{"$nulls":29},{"$f":"ROUND(AG55,2)","v":{"v":-510615.65,"d":"-510,615.65"}},{"$nulls":6},{"$f":"SUM(AG54,AT54)","v":{"v":-617844.9400000001,"d":"-617,844.94"}},null,null,"",null,{"$f":"ROUND(AS55,2)","v":{"v":0,"d":"0.00"}},{"$f":"ROUND(SUM(AV54:AW54),2)","v":{"v":-107229.29,"d":"-107,229.29"}},{"$f":"ROUND(AU55,5)","v":{"v":0,"d":"0.00000"}},{"$f":"ROUND(AZ54*L29,2)","v":{"v":-107229.29,"d":"-107,229.29"}},{"$f":"ROUND(BA54*L30,2)","v":{"v":0,"d":"0.00"}},{"$f":"ROUND(BB54*L29,2)","v":{"v":0,"d":"0.00"}},{"$f":"ROUND(BC54*L30,2)","v":{"v":0,"d":"0.00"}},{"$f":"ROUND(AZ55,2)","v":{"v":-510615.65,"d":"-510,615.65"}},{"$f":"ROUND(BA55,2)","v":{"v":0,"d":"0.00"}},{"$f":"ROUND(BB55,2)","v":{"v":0,"d":"0.00"}},{"$f":"ROUND(BC55,2)","v":{"v":0,"d":"0.00"}},{"$f":"ROUND(BD55,2)","v":{"v":0,"d":"0.00"}},{"$nulls":14},"D","0","###NOIMPORT###","IMPORT","{1222fae5-eacb-49a7-8901-b0ade3dac4c0}","{00000000-0000-0000-0000-000000000000}",{"$nulls":13},"8011121"]
[{"$nulls":3},"DOD_05",{"$nulls":5},"Nedofakturované položky",{"$nulls":22},{"$f":"ROUND(SUM(AG56:AG57),2)","v":{"v":-510615.65,"d":"-510,615.65"}},{"$nulls":6},{"$f":"SUM(AG55,AT55)","v":{"v":-617844.9400000001,"d":"-617,844.94"}},null,null,"STA",null,{"$f":"ROUND(SUM(AS56:AS57),2)","v":{"v":0,"d":"0.00"}},{"$f":"ROUND(SUM(AV55:AW55),2)","v":{"v":-107229.29,"d":"-107,229.29"}},{"$f":"ROUND(SUM(AU56:AU57),5)","v":{"v":0,"d":"0.00000"}},{"$f":"ROUND(AZ55*L29,2)","v":{"v":-107229.29,"d":"-107,229.29"}},{"$f":"ROUND(BA55*L30,2)","v":{"v":0,"d":"0.00"}},{"$f":"ROUND(BB55*L29,2)","v":{"v":0,"d":"0.00"}},{"$f":"ROUND(BC55*L30,2)","v":{"v":0,"d":"0.00"}},{"$f":"ROUND(SUM(AZ56:AZ57),2)","v":{"v":-510615.65,"d":"-510,615.65"}},{"$f":"ROUND(SUM(BA56:BA57),2)","v":{"v":0,"d":"0.00"}},{"$f":"ROUND(SUM(BB56:BB57),2)","v":{"v":0,"d":"0.00"}},{"$f":"ROUND(SUM(BC56:BC57),2)","v":{"v":0,"d":"0.00"}},{"$f":"ROUND(SUM(BD56:BD57),2)","v":{"v":0,"d":"0.00"}},{"$nulls":14},"D","1","###NOIMPORT###","IMPORT","{3b7d8da4-29fa-4d1d-b040-8e9ce043cacd}","{1222fae5-eacb-49a7-8901-b0ade3dac4c0}",{"$nulls":13},"8011121","2"]
["/",{"$nulls":3},"ZL43a",{"$nulls":5},"Nedofaturované položky z SOD",{"$nulls":21},{"$f":"'ZL43a - Nedofaturované po...'!J32","v":{"v":-381286.59,"d":"-381,286.59"}},{"$nulls":6},{"$f":"SUM(AG56,AT56)","v":{"v":-461356.77,"d":"-461,356.77"}},null,null,"Soupis",null,{"v":0,"d":"0.00"},{"$f":"ROUND(SUM(AV56:AW56),2)","v":{"v":-80070.18,"d":"-80,070.18"}},{"$f":"'ZL43a - Nedofaturované po...'!P133","v":{"v":0,"d":"0.00000"}},{"$f":"'ZL43a - Nedofaturované po...'!J35","v":{"v":-80070.18,"d":"-80,070.18"}},{"$f":"'ZL43a - Nedofaturované po...'!J36","v":{"v":0,"d":"0.00"}},{"$f":"'ZL43a - Nedofaturované po...'!J37","v":{"v":0,"d":"0.00"}},{"$f":"'ZL43a - Nedofaturované po...'!J38","v":{"v":0,"d":"0.00"}},{"$f":"'ZL43a - Nedofaturované po...'!F35","v":{"v":-381286.59,"d":"-381,286.59"}},{"$f":"'ZL43a - Nedofaturované po...'!F36","v":{"v":0,"d":"0.00"}},{"$f":"'ZL43a - Nedofaturované po...'!F37","v":{"v":0,"d":"0.00"}},{"$f":"'ZL43a - Nedofaturované po...'!F38","v":{"v":0,"d":"0.00"}},{"$f":"'ZL43a - Nedofaturované po...'!F39","v":{"v":0,"d":"0.00"}},{"$nulls":15},"2",null,"IMPORT","{b78567d1-b2f6-4c7c-9d71-1128e45756ad}","{3b7d8da4-29fa-4d1d-b040-8e9ce043cacd}",{"$nulls":13},"8011121"]
["/",{"$nulls":3},"ZL43b",{"$nulls":5},"Nedofakturované položky z dodatků",{"$nulls":21},{"$f":"'ZL43b - Nedofakturované p...'!J32","v":{"v":-129329.06,"d":"-129,329.06"}},{"$nulls":6},{"$f":"SUM(AG57,AT57)","v":{"v":-156488.16,"d":"-156,488.16"}},null,null,"Soupis",null,{"v":0,"d":"0.00"},{"$f":"ROUND(SUM(AV57:AW57),2)","v":{"v":-27159.1,"d":"-27,159.10"}},{"$f":"'ZL43b - Nedofakturované p...'!P97","v":{"v":0,"d":"0.00000"}},{"$f":"'ZL43b - Nedofakturované p...'!J35","v":{"v":-27159.1,"d":"-27,159.10"}},{"$f":"'ZL43b - Nedofakturované p...'!J36","v":{"v":0,"d":"0.00"}},{"$f":"'ZL43b - Nedofakturované p...'!J37","v":{"v":0,"d":"0.00"}},{"$f":"'ZL43b - Nedofakturované p...'!J38","v":{"v":0,"d":"0.00"}},{"$f":"'ZL43b - Nedofakturované p...'!F35","v":{"v":-129329.06,"d":"-129,329.06"}},{"$f":"'ZL43b - Nedofakturované p...'!F36","v":{"v":0,"d":"0.00"}},{"$f":"'ZL43b - Nedofakturované p...'!F37","v":{"v":0,"d":"0.00"}},{"$f":"'ZL43b - Nedofakturované p...'!F38","v":{"v":0,"d":"0.00"}},{"$f":"'ZL43b - Nedofakturované p...'!F39","v":{"v":0,"d":"0.00"}},{"$nulls":15},"2",null,"IMPORT","{5a31f9a6-2f99-481d-a6c4-ec555324ef17}","{3b7d8da4-29fa-4d1d-b040-8e9ce043cacd}",{"$nulls":13},"8011121"]

{"sheet":"ZL43a - Nedofaturované po...","index":1,"n_rows":230,"n_cols":65,"rows_kept":230,"merged":[[1,11,1,21],[6,4,6,7],[8,4,8,7],[10,4,10,7],[28,4,28,7],[49,4,49,7],[51,4,51,7],[53,4,53,7],[120,4,120,7],[122,4,122,7],[124,4,124,7]]}
[]
[{"$nulls":45},"{b78567d1-b2f6-4c7c-9d71-1128e45756ad}"]
[{"$nulls":45},"2"]
[{"$nulls":3},"KRYCÍ LIST SOUPISU PRACÍ",{"$nulls":8},"v ---  níže se nacházejí doplnkové a pomocné údaje k sestavám  --- v",{"$nulls":32},"False"]
[]
[{"$nulls":3},"Stavba:"]
[{"$nulls":4},{"$f":"'Rekapitulace stavby'!K6","v":"KNL - výstavba objektu pro PET/CT - ZMĚNOVÉ LISTY"}]
[{"$nulls":3},"Objekt:"]
[{"$nulls":4},"DOD_05 - Nedofakturované položky"]
[{"$nulls":3},"Soupis:"]
[{"$nulls":4},"ZL43a - Nedofaturované položky z SOD"]
[]
[{"$nulls":3},"KSO:",null,"8011121",null,null,"CC-CZ:",""]
[{"$nulls":3},"Místo:",null,"Liberec",null,null,"Datum:",{"$f":"'Rekapitulace stavby'!AN8","v":"31. 1. 2022"}]
[]
[{"$nulls":3},"Zadavatel:",{"$nulls":4},"IČ:","27283933"]
[{"$nulls":4},"Krajská nemocnice Liberec, a.s.",{"$nulls":3},"DIČ:","CZ2728393"]
[]
[{"$nulls":3},"Zhotovitel:",{"$nulls":4},"IČ:","26768607"]
[{"$nulls":4},"CL-EVANS s.r.o.",{"$nulls":3},"DIČ:","CZ26768607"]
[]
[{"$nulls":3},"Projektant:",{"$nulls":4},"IČ:","25410482"]
[{"$nulls":4},"STORING spol. s r. o.",{"$nulls":3},"DIČ:","CZ25410482"]
[]
[{"$nulls":3},"Zpracovatel:",{"$nulls":4},"IČ:",{"$f":"IF('Rekapitulace stavby'!AN19=\"\",\"\",'Rekapitulace stavby'!AN19)","v":""}]
[{"$nulls":4},{"$f":"IF('Rekapitulace stavby'!E20=\"\",\"\",'Rekapitulace stavby'!E20)","v":" "},{"$nulls":3},"DIČ:",{"$f":"IF('Rekapitulace stavby'!AN20=\"\",\"\",'Rekapitulace stavby'!AN20)","v":""}]
[]
[{"$nulls":3},"Poznámka:"]
[{"$nulls":4},""]
[]
[]
[{"$nulls":3},"Cena bez DPH",{"$nulls":5},{"$f":"ROUND(J133, 2)","v":{"v":-381286.59,"d":"-381,286.59"}}]
[]
[{"$nulls":5},"Základ daně",null,null,"Sazba daně","Výše daně"]
[{"$nulls":3},"DPH","základní",{"$f":"ROUND((SUM(BE133:BE230)),  2)","v":{"v":-381286.59,"d":"-381,286.59"}},null,null,{"v":0.21,"d":"21.00%"},{"$f":"ROUND(((SUM(BE133:BE230))*I35),  2)","v":{"v":-80070.18,"d":"-80,070.18"}}]
[{"$nulls":4},"snížená",{"$f":"ROUND((SUM(BF133:BF230)),  2)","v":{"v":0,"d":"0.00"}},null,null,{"v":0.15,"d":"15.00%"},{"$f":"ROUND(((SUM(BF133:BF230))*I36),  2)","v":{"v":0,"d":"0.00"}}]
[{"$nulls":4},"zákl. přenesená",{"$f":"ROUND((SUM(BG133:BG230)),  2)","v":{"v":0,"d":"0.00"}},null,null,{"v":0.21,"d":"21.00%"},{"$f":"0","v":{"v":0,"d":"0.00"}}]
[{"$nulls":4},"sníž. přenesená",{"$f":"ROUND((SUM(BH133:BH230)),  2)","v":{"v":0,"d":"0.00"}},null,null,{"v":0.15,"d":"15.00%"},{"$f":"0","v":{"v":0,"d":"0.00"}}]
[{"$nulls":4},"nulová",{"$f":"ROUND((SUM(BI133:BI230)),  2)","v":{"v":0,"d":"0.00"}},null,null,{"v":0,"d":"0.00%"},{"$f":"0","v":{"v":0,"d":"0.00"}}]
[]
[{"$nulls":3},"Cena s DPH",null,null,"v","CZK",null,{"$f":"SUM(J32:J39)","v":{"v":-461356.77,"d":"-461,356.77"}}]
[]
[]
[]
[]
[]
[null,null,"REKAPITULACE ČLENĚNÍ SOUPISU PRACÍ"]
[]
[null,null,"Stavba:"]
[{"$nulls":4},{"$f":"E7","v":"KNL - výstavba objektu pro PET/CT - ZMĚNOVÉ LISTY"}]
[null,null,"Objekt:"]
[{"$nulls":4},"DOD_05 - Nedofakturované položky"]
[null,null,"Soupis:"]
[{"$nulls":4},{"$f":"E11","v":"ZL43a - Nedofaturované položky z SOD"}]
[]
[null,null,"Místo:",null,null,{"$f":"F14","v":"Liberec"},null,null,"Datum:",{"$f":"IF(J14=\"\",\"\",J14)","v":"31. 1. 2022"}]
[]
[null,null,"Zadavatel:",null,null,{"$f":"E17","v":"Krajská nemocnice Liberec, a.s."},null,null,"Projektant:",{"$f":"E23","v":"STORING spol. s r. o."}]
[null,null,"Zhotovitel:",null,null,{"$f":"IF(E20=\"\",\"\",E20)","v":"CL-EVANS s.r.o."},null,null,"Zpracovatel:",{"$f":"E26","v":" "}]
[]
[null,null,"Kód dílu - Popis",{"$nulls":6},"Cena celkem [CZK]"]
[]
[null,null,"Náklady stavby celkem",{"$nulls":6},{"$f":"J133","v":{"v":-381286.58999999997,"d":"-381,286.59"}},{"$nulls":36},"-1"]
[{"$nulls":3},"2001/01 - Část 1 - Odstranění objektu R a garáže",{"$nulls":5},{"$f":"J134","v":{"v":-2700,"d":"-2,700.00"}}]
[{"$nulls":3},"    9 - Ostatní konstrukce a práce, bourání",{"$nulls":5},{"$f":"J135","v":{"v":-2700,"d":"-2,700.00"}}]
[{"$nulls":3},"2001/02 - Část 2 - Výstavba objektu pro PET/CT",{"$nulls":5},{"$f":"J137","v":{"v":-378586.58999999997,"d":"-378,586.59"}}]
[{"$nulls":3},"    SO 000 - Objekt pro PET/CT",{"$nulls":5},{"$f":"J138","v":{"v":-378586.58999999997,"d":"-378,586.59"}}]
[{"$nulls":3},"      D1.01.100 - Architektonicko stavební část",{"$nulls":5},{"$f":"J139","v":{"v":-320386.13999999996,"d":"-320,386.14"}}]
[{"$nulls":3},"        HSV - Práce a dodávky HSV",{"$nulls":5},{"$f":"J140","v":{"v":-116777.63999999998,"d":"-116,777.64"}}]
[{"$nulls":3},"          4 - Vodorovné konstrukce",{"$nulls":5},{"$f":"J141","v":{"v":-8277.4,"d":"-8,277.40"}}]
[{"$nulls":3},"          6 - Úpravy povrchů, podlahy a osazování výplní",{"$nulls":5},{"$f":"J147","v":{"v":-98919.98,"d":"-98,919.98"}}]
[{"$nulls":3},"          9 - Ostatní konstrukce a práce, bourání",{"$nulls":5},{"$f":"J152","v":{"v":-7820,"d":"-7,820.00"}}]
[{"$nulls":3},"          997 - Přesun sutě",{"$nulls":5},{"$f":"J154","v":{"v":-1760.26,"d":"-1,760.26"}}]
[{"$nulls":3},"        PSV - Práce a dodávky PSV",{"$nulls":5},{"$f":"J158","v":{"v":-169557.3,"d":"-169,557.30"}}]
[{"$nulls":3},"          764 - Konstrukce klempířské",{"$nulls":5},{"$f":"J159","v":{"v":-7308,"d":"-7,308.00"}}]
[{"$nulls":3},"          766-767 - Dveře",{"$nulls":5},{"$f":"J164","v":{"v":-35835,"d":"-35,835.00"}}]
[{"$nulls":3},"          767 - Konstrukce zámečnické",{"$nulls":5},{"$f":"J168","v":{"v":-20410.5,"d":"-20,410.50"}}]
[{"$nulls":3},"          767-2 - Ostatní prvky",{"$nulls":5},{"$f":"J170","v":{"v":-17200,"d":"-17,200.00"}}]
[{"$nulls":3},"          767-3 - Ocelové konstrukce",{"$nulls":5},{"$f":"J173","v":{"v":-1173,"d":"-1,173.00"}}]
[{"$nulls":3},"          776 - Podlahy povlakové",{"$nulls":5},{"$f":"J175","v":{"v":-87630.8,"d":"-87,630.80"}}]
[{"$nulls":3},"        D1.04.100 - Zdravotně technické instalace",{"$nulls":5},{"$f":"J180","v":{"v":-8540,"d":"-8,540.00"}}]
[{"$nulls":3},"          PSV - Práce a dodávky PSV",{"$nulls":5},{"$f":"J181","v":{"v":-8540,"d":"-8,540.00"}}]
[{"$nulls":3},"            725 - Zdravotechnika - zařizovací předměty",{"$nulls":5},{"$f":"J182","v":{"v":-8540,"d":"-8,540.00"}}]
[{"$nulls":3},"        D1.04.700 - Silnoproudá elektrotechnika",{"$nulls":5},{"$f":"J184","v":{"v":-19904.04,"d":"-19,904.04"}}]
[{"$nulls":3},"          741.003 - Elektroinstalace osvětlení",{"$nulls":5},{"$f":"J185","v":{"v":-19904.04,"d":"-19,904.04"}}]
[{"$nulls":3},"        D1.04.800 - Slaboproudá elektrotechnika",{"$nulls":5},{"$f":"J189","v":{"v":-1105.03,"d":"-1,105.03"}}]
[{"$nulls":3},"          742.4 - Systém Sestra/Pacient",{"$nulls":5},{"$f":"J190","v":{"v":-1105.03,"d":"-1,105.03"}}]
[{"$nulls":3},"            742.401 - Moduly systému",{"$nulls":5},{"$f":"J191","v":{"v":-1105.03,"d":"-1,105.03"}}]
[{"$nulls":3},"        D1.06.100 - Terénní úpravy",{"$nulls":5},{"$f":"J193","v":{"v":-4502.13,"d":"-4,502.13"}}]
[{"$nulls":3},"          HSV - Práce a dodávky HSV",{"$nulls":5},{"$f":"J194","v":{"v":-4502.13,"d":"-4,502.13"}}]
[{"$nulls":3},"            1 - Zemní práce",{"$nulls":5},{"$f":"J195","v":{"v":-4502.13,"d":"-4,502.13"}}]
[{"$nulls":3},"      SO 300 - Vodohospodářské stavby",{"$nulls":5},{"$f":"J200","v":{"v":-10845,"d":"-10,845.00"}}]
[{"$nulls":3},"        SO 303 - Přípojka dešťové kanalizace",{"$nulls":5},{"$f":"J201","v":{"v":-4095,"d":"-4,095.00"}}]
[{"$nulls":3},"          HSV - Práce a dodávky HSV",{"$nulls":5},{"$f":"J202","v":{"v":-4095,"d":"-4,095.00"}}]
[{"$nulls":3},"            8 - Trubní vedení",{"$nulls":5},{"$f":"J203","v":{"v":-4095,"d":"-4,095.00"}}]
[{"$nulls":3},"        SO 306 - Areálový vodovod (suchovod)",{"$nulls":5},{"$f":"J206","v":{"v":-6750,"d":"-6,750.00"}}]
[{"$nulls":3},"          HSV - Práce a dodávky HSV",{"$nulls":5},{"$f":"J207","v":{"v":-5000,"d":"-5,000.00"}}]
[{"$nulls":3},"            8 - Trubní vedení",{"$nulls":5},{"$f":"J208","v":{"v":-5000,"d":"-5,000.00"}}]
[{"$nulls":3},"          OST - Areálový vodovod (suchovod) - ostatní",{"$nulls":5},{"$f":"J210","v":{"v":-1750,"d":"-1,750.00"}}]
[{"$nulls":3},"      SO 500 - Úprava areálových zpevněných ploch a komunikací",{"$nulls":5},{"$f":"J212","v":{"v":-12699.45,"d":"-12,699.45"}}]
[{"$nulls":3},"        D1.05.100 - Komunikace a zpevněné plochy",{"$nulls":5},{"$f":"J213","v":{"v":-12699.45,"d":"-12,699.45"}}]
[{"$nulls":3},"          0 - Všeobecné konstrukce a práce",{"$nulls":5},{"$f":"J214","v":{"v":-10000,"d":"-10,000.00"}}]
[{"$nulls":3},"          5 - Komunikace",{"$nulls":5},{"$f":"J216","v":{"v":-2699.45,"d":"-2,699.45"}}]
[{"$nulls":3},"      SO 910 - VS Mikrobiologie",{"$nulls":5},{"$f":"J219","v":{"v":-34656,"d":"-34,656.00"}}]
[{"$nulls":3},"        D1.01.100 - Architektonicko stavební část",{"$nulls":5},{"$f":"J220","v":{"v":-2400,"d":"-2,400.00"}}]
[{"$nulls":3},"          HSV - Práce a dodávky HSV",{"$nulls":5},{"$f":"J221","v":{"v":-2400,"d":"-2,400.00"}}]
[{"$nulls":3},"            9 - Ostatní konstrukce a práce, bourání",{"$nulls":5},{"$f":"J222","v":{"v":-2400,"d":"-2,400.00"}}]
[{"$nulls":3},"        D1.04.300 - Vytápění VS",{"$nulls":5},{"$f":"J224","v":{"v":-32256,"d":"-32,256.00"}}]
[{"$nulls":3},"          PSV - Práce a dodávky PSV",{"$nulls":5},{"$f":"J225","v":{"v":-32256,"d":"-32,256.00"}}]
[{"$nulls":3},"            733 - Ústřední vytápění - potrubí",{"$nulls":5},{"$f":"J226","v":{"v":-30696,"d":"-30,696.00"}}]
[{"$nulls":3},"            783 - Dokončovací práce - nátěry",{"$nulls":5},{"$f":"J229","v":{"v":-1560,"d":"-1,560.00"}}]
[]
[]
[]
[]
[]
[]
[null,null,"SOUPIS PRACÍ"]
[]
[null,null,"Stavba:"]
[{"$nulls":4},{"$f":"E7","v":"KNL - výstavba objektu pro PET/CT - ZMĚNOVÉ LISTY"}]
[null,null,"Objekt:"]
[{"$nulls":4},"DOD_05 - Nedofakturované položky"]
[null,null,"Soupis:"]
[{"$nulls":4},{"$f":"E11","v":"ZL43a - Nedofaturované položky z SOD"}]
[]
[null,null,"Místo:",null,null,{"$f":"F14","v":"Liberec"},null,null,"Datum:",{"$f":"IF(J14=\"\",\"\",J14)","v":"31. 1. 2022"}]
[]
[null,null,"Zadavatel:",null,null,{"$f":"E17","v":"Krajská nemocnice Liberec, a.s."},null,null,"Projektant:",{"$f":"E23","v":"STORING spol. s r. o."}]
[null,null,"Zhotovitel:",null,null,{"$f":"IF(E20=\"\",\"\",E20)","v":"CL-EVANS s.r.o."},null,null,"Zpracovatel:",{"$f":"E26","v":" "}]
[]
[null,null,"PČ","Typ","Kód","Popis","MJ","Množství","J.cena [CZK]","Cena celkem [CZK]","Cenová soustava",null,"","DPH","J. Nh [h]","Nh celkem [h]","J. hmotnost [t]","Hmotnost celkem [t]","J. suť [t]","Suť Celkem [t]"]
[null,null,"Náklady soupisu celkem",{"$nulls":6},{"$f":"BK133","v":{"v":-381286.58999999997,"d":"-381,286.59"}},{"$nulls":5},{"$f":"P134+P137","v":{"v":0,"d":"0.00000"}},null,{"$f":"R134+R137","v":{"v":-6.44172957,"d":"-6.44173"}},null,{"$f":"T134+T137","v":{"v":-0.28800000000000003,"d":"-0.28800"}},{"$nulls":25},"D","-1",{"$nulls":15},{"$f":"BK134+BK137","v":{"v":-381286.58999999997,"d":"-381,286.59"}}]
[{"$nulls":3},"D","2001/01","Část 1 - Odstranění objektu R a garáže",{"$nulls":3},{"$f":"BK134","v":{"v":-2700,"d":"-2,700.00"}},{"$nulls":5},{"$f":"P135","v":{"v":0,"d":"0.00000"}},null,{"$f":"R135","v":{"v":0,"d":"0.00000"}},null,{"$f":"T135","v":{"v":-0.28800000000000003,"d":"-0.28800"}},{"$nulls":23},"1",null,"D","0",{"$nulls":3},"ROZPOCET",{"$nulls":11},{"$f":"BK135","v":{"v":-2700,"d":"-2,700.00"}}]
[{"$nulls":3},"D","9","Ostatní konstrukce a práce, bourání",{"$nulls":3},{"$f":"BK135","v":{"v":-2700,"d":"-2,700.00"}},{"$nulls":5},{"$f":"P136","v":{"v":0,"d":"0.00000"}},null,{"$f":"R136","v":{"v":0,"d":"0.00000"}},null,{"$f":"T136","v":{"v":-0.28800000000000003,"d":"-0.28800"}},{"$nulls":23},"1",null,"D","1",{"$nulls":3},"ROZPOCET",{"$nulls":11},{"$f":"BK136","v":{"v":-2700,"d":"-2,700.00"}}]
[null,null,"9","K","980011020.1","Vodovodní přípojka - odborné odpojení dle požadavků správce sítě - kompletní provedení - vyříznutí asfaltu v šířce 1m, vyhloubení rýhy na úroveň potrubí, zpětný zásyp, zapravení komunikace vč. znovuosazení obruby, ozn. na koo.výkrese Ov","m",{"v":-1.8,"d":"-1.800"},{"v":1500,"d":"1,500.00"},{"$f":"ROUND(I136*H136,2)","v":{"v":-2700,"d":"-2,700.00"}},null,null,"","základní",{"v":0,"d":"0.00000"},{"$f":"O136*H136","v":{"v":0,"d":"0.00000"}},{"v":0,"d":"0.00000"},{"$f":"Q136*H136","v":{"v":0,"d":"0.00000"}},{"v":0.16,"d":"0.16000"},{"$f":"S136*H136","v":{"v":-0.28800000000000003,"d":"-0.28800"}},{"$nulls":23},"4",null,"K","2",{"$nulls":3},"ROZPOCET",{"$nulls":5},{"$f":"IF(N136=\"základní\",J136,0)","v":{"v":-2700,"d":"-2,700.00"}},{"$f":"IF(N136=\"snížená\",J136,0)","v":{"v":0,"d":"0.00"}},{"$f":"IF(N136=\"zákl. přenesená\",J136,0)","v":{"v":0,"d":"0.00"}},{"$f":"IF(N136=\"sníž. přenesená\",J136,0)","v":{"v":0,"d":"0.00"}},{"$f":"IF(N136=\"nulová\",J136,0)","v":{"v":0,"d":"0.00"}},"1",{"$f":"ROUND(I136*H136,2)","v":{"v":-2700,"d":"-2,700.00"}},"4","-702015064"]
[{"$nulls":3},"D","2001/02","Část 2 - Výstavba objektu pro PET/CT",{"$nulls":3},{"$f":"BK137","v":{"v":-378586.58999999997,"d":"-378,586.59"}},{"$nulls":5},{"$f":"P138","v":{"v":0,"d":"0.00000"}},null,{"$f":"R138","v":{"v":-6.44172957,"d":"-6.44173"}},null,{"$f":"T138","v":{"v":0,"d":"0.00000"}},{"$nulls":23},"1",null,"D","0",{"$nulls":3},"ROZPOCET",{"$nulls":11},{"$f":"BK138","v":{"v":-378586.58999999997,"d":"-378,586.59"}}]
[{"$nulls":3},"D","SO 000","Objekt pro PET/CT",{"$nulls":3},{"$f":"BK138","v":{"v":-378586.58999999997,"d":"-378,586.59"}},{"$nulls":5},{"$f":"P139+P200+P212+P219","v":{"v":0,"d":"0.00000"}},null,{"$f":"R139+R200+R212+R219","v":{"v":-6.44172957,"d":"-6.44173"}},null,{"$f":"T139+T200+T212+T219","v":{"v":0,"d":"0.00000"}},{"$nulls":23},"1",null,"D","1",{"$nulls":3},"ROZPOCET",{"$nulls":11},{"$f":"BK139+BK200+BK212+BK219","v":{"v":-378586.58999999997,"d":"-378,586.59"}}]
[{"$nulls":3},"D","D1.01.100","Architektonicko stavební část",{"$nulls":3},{"$f":"BK139","v":{"v":-320386.13999999996,"d":"-320,386.14"}},{"$nulls":5},{"$f":"P140+P158+P180+P184+P189+P193","v":{"v":0,"d":"0.00000"}},null,{"$f":"R140+R158+R180+R184+R189+R193","v":{"v":-6.20499357,"d":"-6.20499"}},null,{"$f":"T140+T158+T180+T184+T189+T193","v":{"v":0,"d":"0.00000"}},{"$nulls":23},"1",null,"D","2",{"$nulls":3},"ROZPOCET",{"$nulls":11},{"$f":"BK140+BK158+BK180+BK184+BK189+BK193","v":{"v":-320386.13999999996,"d":"-320,386.14"}}]
[{"$nulls":3},"D","HSV","Práce a dodávky HSV",{"$nulls":3},{"$f":"BK140","v":{"v":-116777.63999999998,"d":"-116,777.64"}},{"$nulls":5},{"$f":"P141+P147+P152+P154","v":{"v":0,"d":"0.00000"}},null,{"$f":"R141+R147+R152+R154","v":{"v":-4.88420637,"d":"-4.88421"}},null,{"$f":"T141+T147+T152+T154","v":{"v":0,"d":"0.00000"}},{"$nulls":23},"1",null,"D","3",{"$nulls":3},"ROZPOCET",{"$nulls":11},{"$f":"BK141+BK147+BK152+BK154","v":{"v":-116777.63999999998,"d":"-116,777.64"}}]
[{"$nulls":3},"D","4","Vodorovné konstrukce",{"$nulls":3},{"$f":"BK141","v":{"v":-8277.4,"d":"-8,277.40"}},{"$nulls":5},{"$f":"SUM(P142:P146)","v":{"v":0,"d":"0.00000"}},null,{"$f":"SUM(R142:R146)","v":{"v":-2.0947961900000003,"d":"-2.09480"}},null,{"$f":"SUM(T142:T146)","v":{"v":0,"d":"0.00000"}},{"$nulls":23},"1",null,"D","4",{"$nulls":3},"ROZPOCET",{"$nulls":11},{"$f":"SUM(BK142:BK146)","v":{"v":-8277.4,"d":"-8,277.40"}}]
[null,null,"69","K","411354245","Bednění stropů ztracené z hraněných trapézových vln v 60 mm plech pozinkovaný tl 0,75 mm","m2",{"v":-2.34,"d":"-2.340"},{"v":685,"d":"685.00"},{"$f":"ROUND(I142*H142,2)","v":{"v":-1602.9,"d":"-1,602.90"}},null,null,"","základní",{"v":0,"d":"0.00000"},{"$f":"O142*H142","v":{"v":0,"d":"0.00000"}},0.00737,{"$f":"Q142*H142","v":{"v":-0.0172458,"d":"-0.01725"}},{"v":0,"d":"0.00000"},{"$f":"S142*H142","v":{"v":0,"d":"0.00000"}},{"$nulls":23},"4",null,"K","5",{"$nulls":3},"ROZPOCET",{"$nulls":5},{"$f":"IF(N142=\"základní\",J142,0)","v":{"v":-1602.9,"d":"-1,602.90"}},{"$f":"IF(N142=\"snížená\",J142,0)","v":{"v":0,"d":"0.00"}},{"$f":"IF(N142=\"zákl. přenesená\",J142,0)","v":{"v":0,"d":"0.00"}},{"$f":"IF(N142=\"sníž. přenesená\",J142,0)","v":{"v":0,"d":"0.00"}},{"$f":"IF(N142=\"nulová\",J142,0)","v":{"v":0,"d":"0.00"}},"1",{"$f":"ROUND(I142*H142,2)","v":{"v":-1602.9,"d":"-1,602.90"}},"4","82454381"]
[null,null,"80","K","430321515","Schodišťová konstrukce a rampa ze ŽB tř. C 20/25","m3",-0.827,{"v":4500,"d":"4,500.00"},{"$f":"ROUND(I143*H143,2)","v":{"v":-3721.5,"d":"-3,721.50"}},null,null,"","základní",{"v":0,"d":"0.00000"},{"$f":"O143*H143","v":{"v":0,"d":"0.00000"}},2.45337,{"$f":"Q143*H143","v":{"v":-2.02893699,"d":"-2.02894"}},{"v":0,"d":"0.00000"},{"$f":"S143*H143","v":{"v":0,"d":"0.00000"}},{"$nulls":23},"4",null,"K","5",{"$nulls":3},"ROZPOCET",{"$nulls":5},{"$f":"IF(N143=\"základní\",J143,0)","v":{"v":-3721.5,"d":"-3,721.50"}},{"$f":"IF(N143=\"snížená\",J143,0)","v":{"v":0,"d":"0.00"}},{"$f":"IF(N143=\"zákl. přenesená\",J143,0)","v":{"v":0,"d":"0.00"}},{"$f":"IF(N143=\"sníž. přenesená\",J143,0)","v":{"v":0,"d":"0.00"}},{"$f":"IF(N143=\"nulová\",J143,0)","v":{"v":0,"d":"0.00"}},"1",{"$f":"ROUND(I143*H143,2)","v":{"v":-3721.5,"d":"-3,721.50"}},"4","1057854854"]
[null,null,"81","K","430361821","Výztuž schodišťové konstrukce a rampy betonářskou ocelí 10 505","t",{"v":-0.02,"d":"-0.020"},{"v":29000,"d":"29,000.00"},{"$f":"ROUND(I144*H144,2)","v":{"v":-580,"d":"-580.00"}},null,null,"","základní",{"v":0,"d":"0.00000"},{"$f":"O144*H144","v":{"v":0,"d":"0.00000"}},1.04887,{"$f":"Q144*H144","v":{"v":-0.0209774,"d":"-0.02098"}},{"v":0,"d":"0.00000"},{"$f":"S144*H144","v":{"v":0,"d":"0.00000"}},{"$nulls":23},"4",null,"K","5",{"$nulls":3},"ROZPOCET",{"$nulls":5},{"$f":"IF(N144=\"základní\",J144,0)","v":{"v":-580,"d":"-580.00"}},{"$f":"IF(N144=\"snížená\",J144,0)","v":{"v":0,"d":"0.00"}},{"$f":"IF(N144=\"zákl. přenesená\",J144,0)","v":{"v":0,"d":"0.00"}},{"$f":"IF(N144=\"sníž. přenesená\",J144,0)","v":{"v":0,"d":"0.00"}},{"$f":"IF(N144=\"nulová\",J144,0)","v":{"v":0,"d":"0.00"}},"1",{"$f":"ROUND(I144*H144,2)","v":{"v":-580,"d":"-580.00"}},"4","-2145407830"]
[null,null,"84","K","434351141","Zřízení bednění stupňů přímočarých schodišť","m2",{"v":-4.2,"d":"-4.200"},{"v":480,"d":"480.00"},{"$f":"ROUND(I145*H145,2)","v":{"v":-2016,"d":"-2,016.00"}},null,null,"","základní",{"v":0,"d":"0.00000"},{"$f":"O145*H145","v":{"v":0,"d":"0.00000"}},0.00658,{"$f":"Q145*H145","v":{"v":-0.027636,"d":"-0.02764"}},{"v":0,"d":"0.00000"},{"$f":"S145*H145","v":{"v":0,"d":"0.00000"}},{"$nulls":23},"4",null,"K","5",{"$nulls":3},"ROZPOCET",{"$nulls":5},{"$f":"IF(N145=\"základní\",J145,0)","v":{"v":-2016,"d":"-2,016.00"}},{"$f":"IF(N145=\"snížená\",J145,0)","v":{"v":0,"d":"0.00"}},{"$f":"IF(N145=\"zákl. přenesená\",J145,0)","v":{"v":0,"d":"0.00"}},{"$f":"IF(N145=\"sníž. přenesená\",J145,0)","v":{"v":0,"d":"0.00"}},{"$f":"IF(N145=\"nulová\",J145,0)","v":{"v":0,"d":"0.00"}},"1",{"$f":"ROUND(I145*H145,2)","v":{"v":-2016,"d":"-2,016.00"}},"4","935527748"]
[null,null,"85","K","434351142","Odstranění bednění stupňů přímočarých schodišť","m2",{"v":-4.2,"d":"-4.200"},{"v":85,"d":"85.00"},{"$f":"ROUND(I146*H146,2)","v":{"v":-357,"d":"-357.00"}},null,null,"","základní",{"v":0,"d":"0.00000"},{"$f":"O146*H146","v":{"v":0,"d":"0.00000"}},{"v":0,"d":"0.00000"},{"$f":"Q146*H146","v":{"v":0,"d":"0.00000"}},{"v":0,"d":"0.00000"},{"$f":"S146*H146","v":{"v":0,"d":"0.00000"}},{"$nulls":23},"4",null,"K","5",{"$nulls":3},"ROZPOCET",{"$nulls":5},{"$f":"IF(N146=\"základní\",J146,0)","v":{"v":-357,"d":"-357.00"}},{"$f":"IF(N146=\"snížená\",J146,0)","v":{"v":0,"d":"0.00"}},{"$f":"IF(N146=\"zákl. přenesená\",J146,0)","v":{"v":0,"d":"0.00"}},{"$f":"IF(N146=\"sníž. přenesená\",J146,0)","v":{"v":0,"d":"0.00"}},{"$f":"IF(N146=\"nulová\",J146,0)","v":{"v":0,"d":"0.00"}},"1",{"$f":"ROUND(I146*H146,2)","v":{"v":-357,"d":"-357.00"}},"4","1977305904"]
[{"$nulls":3},"D","6","Úpravy povrchů, podlahy a osazování výplní",{"$nulls":3},{"$f":"BK147","v":{"v":-98919.98,"d":"-98,919.98"}},{"$nulls":5},{"$f":"SUM(P148:P151)","v":{"v":0,"d":"0.00000"}},null,{"$f":"SUM(R148:R151)","v":{"v":-2.7890973800000003,"d":"-2.78910"}},null,{"$f":"SUM(T148:T151)","v":{"v":0,"d":"0.00000"}},{"$nulls":23},"1",null,"D","4",{"$nulls":3},"ROZPOCET",{"$nulls":11},{"$f":"SUM(BK148:BK151)","v":{"v":-98919.98,"d":"-98,919.98"}}]
[null,null,"87","K","612131101","Podkladní a spojovací vrstva vnitřních omítaných ploch cementový postřik nanášený ručně celoplošně stěn","m2",-31.414,{"v":36,"d":"36.00"},{"$f":"ROUND(I148*H148,2)","v":{"v":-1130.9,"d":"-1,130.90"}},null,null,"","základní",{"v":0,"d":"0.00000"},{"$f":"O148*H148","v":{"v":0,"d":"0.00000"}},0.00735,{"$f":"Q148*H148","v":{"v":-0.2308929,"d":"-0.23089"}},{"v":0,"d":"0.00000"},{"$f":"S148*H148","v":{"v":0,"d":"0.00000"}},{"$nulls":23},"4",null,"K","5",{"$nulls":3},"ROZPOCET",{"$nulls":5},{"$f":"IF(N148=\"základní\",J148,0)","v":{"v":-1130.9,"d":"-1,130.90"}},{"$f":"IF(N148=\"snížená\",J148,0)","v":{"v":0,"d":"0.00"}},{"$f":"IF(N148=\"zákl. přenesená\",J148,0)","v":{"v":0,"d":"0.00"}},{"$f":"IF(N148=\"sníž. přenesená\",J148,0)","v":{"v":0,"d":"0.00"}},{"$f":"IF(N148=\"nulová\",J148,0)","v":{"v":0,"d":"0.00"}},"1",{"$f":"ROUND(I148*H148,2)","v":{"v":-1130.9,"d":"-1,130.90"}},"4","1257943516"]
[null,null,"88","K","612321141","Vápenocementová omítka štuková dvouvrstvá vnitřních stěn nanášená ručně","m2",-31.414,{"v":345,"d":"345.00"},{"$f":"ROUND(I149*H149,2)","v":{"v":-10837.83,"d":"-10,837.83"}},null,null,"","základní",{"v":0,"d":"0.00000"},{"$f":"O149*H149","v":{"v":0,"d":"0.00000"}},0.01838,{"$f":"Q149*H149","v":{"v":-0.5773893200000001,"d":"-0.57739"}},{"v":0,"d":"0.00000"},{"$f":"S149*H149","v":{"v":0,"d":"0.00000"}},{"$nulls":23},"4",null,"K","5",{"$nulls":3},"ROZPOCET",{"$nulls":5},{"$f":"IF(N149=\"základní\",J149,0)","v":{"v":-10837.83,"d":"-10,837.83"}},{"$f":"IF(N149=\"snížená\",J149,0)","v":{"v":0,"d":"0.00"}},{"$f":"IF(N149=\"zákl. přenesená\",J149,0)","v":{"v":0,"d":"0.00"}},{"$f":"IF(N149=\"sníž. přenesená\",J149,0)","v":{"v":0,"d":"0.00"}},{"$f":"IF(N149=\"nulová\",J149,0)","v":{"v":0,"d":"0.00"}},"1",{"$f":"ROUND(I149*H149,2)","v":{"v":-10837.83,"d":"-10,837.83"}},"4","1145335489"]
[null,null,"95","K","622221001","Montáž kontaktního zateplení lepením a mechanickým kotvením z desek z minerální vlny s podélnou orientací vláken na vnější stěny, tloušťky desek do 40 mm","m2",-128.708,{"v":570,"d":"570.00"},{"$f":"ROUND(I150*H150,2)","v":{"v":-73363.56,"d":"-73,363.56"}},null,null,"","základní",{"v":0,"d":"0.00000"},{"$f":"O150*H150","v":{"v":0,"d":"0.00000"}},0.00927,{"$f":"Q150*H150","v":{"v":-1.19312316,"d":"-1.19312"}},{"v":0,"d":"0.00000"},{"$f":"S150*H150","v":{"v":0,"d":"0.00000"}},{"$nulls":23},"4",null,"K","5",{"$nulls":3},"ROZPOCET",{"$nulls":5},{"$f":"IF(N150=\"základní\",J150,0)","v":{"v":-73363.56,"d":"-73,363.56"}},{"$f":"IF(N150=\"snížená\",J150,0)","v":{"v":0,"d":"0.00"}},{"$f":"IF(N150=\"zákl. přenesená\",J150,0)","v":{"v":0,"d":"0.00"}},{"$f":"IF(N150=\"sníž. přenesená\",J150,0)","v":{"v":0,"d":"0.00"}},{"$f":"IF(N150=\"nulová\",J150,0)","v":{"v":0,"d":"0.00"}},"1",{"$f":"ROUND(I150*H150,2)","v":{"v":-73363.56,"d":"-73,363.56"}},"4","-1698469263"]
[null,null,"96","M","63151518","deska tepelně izolační minerální kontaktních fasád podélné vlákno λ=0,036 tl 40mm","m2",-131.282,{"v":103.5,"d":"103.50"},{"$f":"ROUND(I151*H151,2)","v":{"v":-13587.69,"d":"-13,587.69"}},null,null,"","základní",{"v":0,"d":"0.00000"},{"$f":"O151*H151","v":{"v":0,"d":"0.00000"}},{"v":0.006,"d":"0.00600"},{"$f":"Q151*H151","v":{"v":-0.7876920000000001,"d":"-0.78769"}},{"v":0,"d":"0.00000"},{"$f":"S151*H151","v":{"v":0,"d":"0.00000"}},{"$nulls":23},"8",null,"M","5",{"$nulls":3},"ROZPOCET",{"$nulls":5},{"$f":"IF(N151=\"základní\",J151,0)","v":{"v":-13587.69,"d":"-13,587.69"}},{"$f":"IF(N151=\"snížená\",J151,0)","v":{"v":0,"d":"0.00"}},{"$f":"IF(N151=\"zákl. přenesená\",J151,0)","v":{"v":0,"d":"0.00"}},{"$f":"IF(N151=\"sníž. přenesená\",J151,0)","v":{"v":0,"d":"0.00"}},{"$f":"IF(N151=\"nulová\",J151,0)","v":{"v":0,"d":"0.00"}},"1",{"$f":"ROUND(I151*H151,2)","v":{"v":-13587.69,"d":"-13,587.69"}},"4","-1200197720"]
[{"$nulls":3},"D","9","Ostatní konstrukce a práce, bourání",{"$nulls":3},{"$f":"BK152","v":{"v":-7820,"d":"-7,820.00"}},{"$nulls":5},{"$f":"P153","v":{"v":0,"d":"0.00000"}},null,{"$f":"R153","v":{"v":-0.0003128,"d":"-0.00031"}},null,{"$f":"T153","v":{"v":0,"d":"0.00000"}},{"$nulls":23},"1",null,"D","4",{"$nulls":3},"ROZPOCET",{"$nulls":11},{"$f":"BK153","v":{"v":-7820,"d":"-7,820.00"}}]
[null,null,"142","K","977211111","Řezání stěnovou pilou ŽB kcí s výztuží průměru do 16 mm hl do 200 mm","m",{"v":-3.91,"d":"-3.910"},{"v":2000,"d":"2,000.00"},{"$f":"ROUND(I153*H153,2)","v":{"v":-7820,"d":"-7,820.00"}},null,null,"","základní",{"v":0,"d":"0.00000"},{"$f":"O153*H153","v":{"v":0,"d":"0.00000"}},{"v":8e-05,"d":"0.00008"},{"$f":"Q153*H153","v":{"v":-0.0003128,"d":"-0.00031"}},{"v":0,"d":"0.00000"},{"$f":"S153*H153","v":{"v":0,"d":"0.00000"}},{"$nulls":23},"4",null,"K","5",{"$nulls":3},"ROZPOCET",{"$nulls":5},{"$f":"IF(N153=\"základní\",J153,0)","v":{"v":-7820,"d":"-7,820.00"}},{"$f":"IF(N153=\"snížená\",J153,0)","v":{"v":0,"d":"0.00"}},{"$f":"IF(N153=\"zákl. přenesená\",J153,0)","v":{"v":0,"d":"0.00"}},{"$f":"IF(N153=\"sníž. přenesená\",J153,0)","v":{"v":0,"d":"0.00"}},{"$f":"IF(N153=\"nulová\",J153,0)","v":{"v":0,"d":"0.00"}},"1",{"$f":"ROUND(I153*H153,2)","v":{"v":-7820,"d":"-7,820.00"}},"4","1684173004"]
[{"$nulls":3},"D","997","Přesun sutě",{"$nulls":3},{"$f":"BK154","v":{"v":-1760.26,"d":"-1,760.26"}},{"$nulls":5},{"$f":"SUM(P155:P157)","v":{"v":0,"d":"0.00000"}},null,{"$f":"SUM(R155:R157)","v":{"v":0,"d":"0.00000"}},null,{"$f":"SUM(T155:T157)","v":{"v":0,"d":"0.00000"}},{"$nulls":23},"1",null,"D","4",{"$nulls":3},"ROZPOCET",{"$nulls":11},{"$f":"SUM(BK155:BK157)","v":{"v":-1760.26,"d":"-1,760.26"}}]
[null,null,"154","K","997013501","Odvoz suti a vybouraných hmot na skládku nebo meziskládku se složením, na vzdálenost do 1 km","t",-2.231,{"v":220,"d":"220.00"},{"$f":"ROUND(I155*H155,2)","v":-490.82},null,null,"","základní",{"v":0,"d":"0.00000"},{"$f":"O155*H155","v":{"v":0,"d":"0.00000"}},{"v":0,"d":"0.00000"},{"$f":"Q155*H155","v":{"v":0,"d":"0.00000"}},{"v":0,"d":"0.00000"},{"$f":"S155*H155","v":{"v":0,"d":"0.00000"}},{"$nulls":23},"4",null,"K","5",{"$nulls":3},"ROZPOCET",{"$nulls":5},{"$f":"IF(N155=\"základní\",J155,0)","v":-490.82},{"$f":"IF(N155=\"snížená\",J155,0)","v":{"v":0,"d":"0.00"}},{"$f":"IF(N155=\"zákl. přenesená\",J155,0)","v":{"v":0,"d":"0.00"}},{"$f":"IF(N155=\"sníž. přenesená\",J155,0)","v":{"v":0,"d":"0.00"}},{"$f":"IF(N155=\"nulová\",J155,0)","v":{"v":0,"d":"0.00"}},"1",{"$f":"ROUND(I155*H155,2)","v":-490.82},"4","-954771611"]
[null,null,"155","K","997013509","Příplatek k odvozu suti a vybouraných hmot na skládku ZKD 1 km přes 1 km","t",-42.394,{"v":1,"d":"1.00"},{"$f":"ROUND(I156*H156,2)","v":-42.39},null,null,"","základní",{"v":0,"d":"0.00000"},{"$f":"O156*H156","v":{"v":0,"d":"0.00000"}},{"v":0,"d":"0.00000"},{"$f":"Q156*H156","v":{"v":0,"d":"0.00000"}},{"v":0,"d":"0.00000"},{"$f":"S156*H156","v":{"v":0,"d":"0.00000"}},{"$nulls":23},"4",null,"K","5",{"$nulls":3},"ROZPOCET",{"$nulls":5},{"$f":"IF(N156=\"základní\",J156,0)","v":-42.39},{"$f":"IF(N156=\"snížená\",J156,0)","v":{"v":0,"d":"0.00"}},{"$f":"IF(N156=\"zákl. přenesená\",J156,0)","v":{"v":0,"d":"0.00"}},{"$f":"IF(N156=\"sníž. přenesená\",J156,0)","v":{"v":0,"d":"0.00"}},{"$f":"IF(N156=\"nulová\",J156,0)","v":{"v":0,"d":"0.00"}},"1",{"$f":"ROUND(I156*H156,2)","v":-42.39},"4","1475783979"]
[null,null,"156","K","997013601","Poplatek za uložení na skládce (skládkovné) stavebního odpadu betonového kód odpadu 17 01 01","t",-2.231,{"v":550,"d":"550.00"},{"$f":"ROUND(I157*H157,2)","v":{"v":-1227.05,"d":"-1,227.05"}},null,null,"","základní",{"v":0,"d":"0.00000"},{"$f":"O157*H157","v":{"v":0,"d":"0.00000"}},{"v":0,"d":"0.00000"},{"$f":"Q157*H157","v":{"v":0,"d":"0.00000"}},{"v":0,"d":"0.00000"},{"$f":"S157*H157","v":{"v":0,"d":"0.00000"}},{"$nulls":23},"4",null,"K","5",{"$nulls":3},"ROZPOCET",{"$nulls":5},{"$f":"IF(N157=\"základní\",J157,0)","v":{"v":-1227.05,"d":"-1,227.05"}},{"$f":"IF(N157=\"snížená\",J157,0)","v":{"v":0,"d":"0.00"}},{"$f":"IF(N157=\"zákl. přenesená\",J157,0)","v":{"v":0,"d":"0.00"}},{"$f":"IF(N157=\"sníž. přenesená\",J157,0)","v":{"v":0,"d":"0.00"}},{"$f":"IF(N157=\"nulová\",J157,0)","v":{"v":0,"d":"0.00"}},"1",{"$f":"ROUND(I157*H157,2)","v":{"v":-1227.05,"d":"-1,227.05"}},"4","-1973512986"]
[{"$nulls":3},"D","PSV","Práce a dodávky PSV",{"$nulls":3},{"$f":"BK158","v":{"v":-169557.3,"d":"-169,557.30"}},{"$nulls":5},{"$f":"P159+P164+P168+P170+P173+P175","v":{"v":0,"d":"0.00000"}},null,{"$f":"R159+R164+R168+R170+R173+R175","v":{"v":-1.3164872,"d":"-1.31649"}},null,{"$f":"T159+T164+T168+T170+T173+T175","v":{"v":0,"d":"0.00000"}},{"$nulls":23},"2",null,"D","3",{"$nulls":3},"ROZPOCET",{"$nulls":11},{"$f":"BK159+BK164+BK168+BK170+BK173+BK175","v":{"v":-169557.3,"d":"-169,557.30"}}]
[{"$nulls":3},"D","764","Konstrukce klempířské",{"$nulls":3},{"$f":"BK159","v":{"v":-7308,"d":"-7,308.00"}},{"$nulls":5},{"$f":"SUM(P160:P163)","v":{"v":0,"d":"0.00000"}},null,{"$f":"SUM(R160:R163)","v":{"v":-0.0080685,"d":"-0.00807"}},null,{"$f":"SUM(T160:T163)","v":{"v":0,"d":"0.00000"}},{"$nulls":23},"2",null,"D","4",{"$nulls":3},"ROZPOCET",{"$nulls":11},{"$f":"SUM(BK160:BK163)","v":{"v":-7308,"d":"-7,308.00"}}]
[null,null,"270","K","764-KPL/104","D +M vnější oplechování zídky rampy, hliníkový eloxovaný plech tl. 2mm, RAL 9006 r.š.510 - podrobný popis viz tabulka zámečnických prvků ozn. KPL/104","m",{"v":-5.3,"d":"-5.300"},{"v":760,"d":"760.00"},{"$f":"ROUND(I160*H160,2)","v":{"v":-4028,"d":"-4,028.00"}},null,null,"","základní",{"v":0,"d":"0.00000"},{"$f":"O160*H160","v":{"v":0,"d":"0.00000"}},0.00087,{"$f":"Q160*H160","v":{"v":-0.004611,"d":"-0.00461"}},{"v":0,"d":"0.00000"},{"$f":"S160*H160","v":{"v":0,"d":"0.00000"}},{"$nulls":23},"16",null,"K","5",{"$nulls":3},"ROZPOCET",{"$nulls":5},{"$f":"IF(N160=\"základní\",J160,0)","v":{"v":-4028,"d":"-4,028.00"}},{"$f":"IF(N160=\"snížená\",J160,0)","v":{"v":0,"d":"0.00"}},{"$f":"IF(N160=\"zákl. přenesená\",J160,0)","v":{"v":0,"d":"0.00"}},{"$f":"IF(N160=\"sníž. přenesená\",J160,0)","v":{"v":0,"d":"0.00"}},{"$f":"IF(N160=\"nulová\",J160,0)","v":{"v":0,"d":"0.00"}},"1",{"$f":"ROUND(I160*H160,2)","v":{"v":-4028,"d":"-4,028.00"}},"16","-1864539522"]
[null,null,"271","K","764-KPL/105","D +M vnější oplechování zídky rampy, hliníkový eloxovaný plech tl. 2mm, RAL 9006 r.š.310 - podrobný popis viz tabulka zámečnických prvků ozn. KPL/105","m",{"v":-2.25,"d":"-2.250"},{"v":460,"d":"460.00"},{"$f":"ROUND(I161*H161,2)","v":{"v":-1035,"d":"-1,035.00"}},null,null,"","základní",{"v":0,"d":"0.00000"},{"$f":"O161*H161","v":{"v":0,"d":"0.00000"}},0.00087,{"$f":"Q161*H161","v":{"v":-1.9575E-3,"d":"-0.00196"}},{"v":0,"d":"0.00000"},{"$f":"S161*H161","v":{"v":0,"d":"0.00000"}},{"$nulls":23},"16",null,"K","5",{"$nulls":3},"ROZPOCET",{"$nulls":5},{"$f":"IF(N161=\"základní\",J161,0)","v":{"v":-1035,"d":"-1,035.00"}},{"$f":"IF(N161=\"snížená\",J161,0)","v":{"v":0,"d":"0.00"}},{"$f":"IF(N161=\"zákl. přenesená\",J161,0)","v":{"v":0,"d":"0.00"}},{"$f":"IF(N161=\"sníž. přenesená\",J161,0)","v":{"v":0,"d":"0.00"}},{"$f":"IF(N161=\"nulová\",J161,0)","v":{"v":0,"d":"0.00"}},"1",{"$f":"ROUND(I161*H161,2)","v":{"v":-1035,"d":"-1,035.00"}},"16","-1001548462"]
[null,null,"279","K","764-KPL/208","D +M vnější oplechování - parapet dveří Rš 200mm, pozinkovaný plech tl.1,5mm, stříbrná barva RAL 9006 - podrobný popis viz tabulka zámečnických prvků ozn. KPL/208","m",{"v":-2,"d":"-2.000"},{"v":300,"d":"300.00"},{"$f":"ROUND(I162*H162,2)","v":{"v":-600,"d":"-600.00"}},null,null,"","základní",{"v":0,"d":"0.00000"},{"$f":"O162*H162","v":{"v":0,"d":"0.00000"}},0.00075,{"$f":"Q162*H162","v":{"v":-1.5E-3,"d":"-0.00150"}},{"v":0,"d":"0.00000"},{"$f":"S162*H162","v":{"v":0,"d":"0.00000"}},{"$nulls":23},"16",null,"K","5",{"$nulls":3},"ROZPOCET",{"$nulls":5},{"$f":"IF(N162=\"základní\",J162,0)","v":{"v":-600,"d":"-600.00"}},{"$f":"IF(N162=\"snížená\",J162,0)","v":{"v":0,"d":"0.00"}},{"$f":"IF(N162=\"zákl. přenesená\",J162,0)","v":{"v":0,"d":"0.00"}},{"$f":"IF(N162=\"sníž. přenesená\",J162,0)","v":{"v":0,"d":"0.00"}},{"$f":"IF(N162=\"nulová\",J162,0)","v":{"v":0,"d":"0.00"}},"1",{"$f":"ROUND(I162*H162,2)","v":{"v":-600,"d":"-600.00"}},"16","-1221253736"]
[null,null,"282","K","998764102","Přesun hmot tonážní pro konstrukce klempířské v objektech v do 12 m","t",-0.329,{"v":5000,"d":"5,000.00"},{"$f":"ROUND(I163*H163,2)","v":{"v":-1645,"d":"-1,645.00"}},null,null,"","základní",{"v":0,"d":"0.00000"},{"$f":"O163*H163","v":{"v":0,"d":"0.00000"}},{"v":0,"d":"0.00000"},{"$f":"Q163*H163","v":{"v":0,"d":"0.00000"}},{"v":0,"d":"0.00000"},{"$f":"S163*H163","v":{"v":0,"d":"0.00000"}},{"$nulls":23},"16",null,"K","5",{"$nulls":3},"ROZPOCET",{"$nulls":5},{"$f":"IF(N163=\"základní\",J163,0)","v":{"v":-1645,"d":"-1,645.00"}},{"$f":"IF(N163=\"snížená\",J163,0)","v":{"v":0,"d":"0.00"}},{"$f":"IF(N163=\"zákl. přenesená\",J163,0)","v":{"v":0,"d":"0.00"}},{"$f":"IF(N163=\"sníž. přenesená\",J163,0)","v":{"v":0,"d":"0.00"}},{"$f":"IF(N163=\"nulová\",J163,0)","v":{"v":0,"d":"0.00"}},"1",{"$f":"ROUND(I163*H163,2)","v":{"v":-1645,"d":"-1,645.00"}},"16","-1002442773"]
[{"$nulls":3},"D","766-767","Dveře",{"$nulls":3},{"$f":"BK164","v":{"v":-35835,"d":"-35,835.00"}},{"$nulls":5},{"$f":"SUM(P165:P167)","v":{"v":0,"d":"0.00000"}},null,{"$f":"SUM(R165:R167)","v":{"v":0,"d":"0.00000"}},null,{"$f":"SUM(T165:T167)","v":{"v":0,"d":"0.00000"}},{"$nulls":23},"2",null,"D","4",{"$nulls":3},"ROZPOCET",{"$nulls":11},{"$f":"SUM(BK165:BK167)","v":{"v":-35835,"d":"-35,835.00"}}]
[null,null,"329","K","766-030","D + M Dveře jednokřídlé,900x2100mm levé, DTD s laminacÍ HPL, ocelová zárubeň - podrobný popis viz Tabulka dveří ozn. Di030","kus",{"v":-1,"d":"-1.000"},{"v":11945,"d":"11,945.00"},{"$f":"ROUND(I165*H165,2)","v":{"v":-11945,"d":"-11,945.00"}},null,null,"","základní",{"v":0,"d":"0.00000"},{"$f":"O165*H165","v":{"v":0,"d":"0.00000"}},{"v":0,"d":"0.00000"},{"$f":"Q165*H165","v":{"v":0,"d":"0.00000"}},{"v":0,"d":"0.00000"},{"$f":"S165*H165","v":{"v":0,"d":"0.00000"}},{"$nulls":23},"16",null,"K","5",{"$nulls":3},"ROZPOCET",{"$nulls":5},{"$f":"IF(N165=\"základní\",J165,0)","v":{"v":-11945,"d":"-11,945.00"}},{"$f":"IF(N165=\"snížená\",J165,0)","v":{"v":0,"d":"0.00"}},{"$f":"IF(N165=\"zákl. přenesená\",J165,0)","v":{"v":0,"d":"0.00"}},{"$f":"IF(N165=\"sníž. přenesená\",J165,0)","v":{"v":0,"d":"0.00"}},{"$f":"IF(N165=\"nulová\",J165,0)","v":{"v":0,"d":"0.00"}},"1",{"$f":"ROUND(I165*H165,2)","v":{"v":-11945,"d":"-11,945.00"}},"16","750582079"]
[null,null,"332","K","766-033","D + M Dveře jednokřídlé,800x2100mm pravé, DTD s laminacÍ HPL, ocelová zárubeň - podrobný popis viz Tabulka dveří ozn. Di033","kus",{"v":-1,"d":"-1.000"},{"v":11945,"d":"11,945.00"},{"$f":"ROUND(I166*H166,2)","v":{"v":-11945,"d":"-11,945.00"}},null,null,"","základní",{"v":0,"d":"0.00000"},{"$f":"O166*H166","v":{"v":0,"d":"0.00000"}},{"v":0,"d":"0.00000"},{"$f":"Q166*H166","v":{"v":0,"d":"0.00000"}},{"v":0,"d":"0.00000"},{"$f":"S166*H166","v":{"v":0,"d":"0.00000"}},{"$nulls":23},"16",null,"K","5",{"$nulls":3},"ROZPOCET",{"$nulls":5},{"$f":"IF(N166=\"základní\",J166,0)","v":{"v":-11945,"d":"-11,945.00"}},{"$f":"IF(N166=\"snížená\",J166,0)","v":{"v":0,"d":"0.00"}},{"$f":"IF(N166=\"zákl. přenesená\",J166,0)","v":{"v":0,"d":"0.00"}},{"$f":"IF(N166=\"sníž. přenesená\",J166,0)","v":{"v":0,"d":"0.00"}},{"$f":"IF(N166=\"nulová\",J166,0)","v":{"v":0,"d":"0.00"}},"1",{"$f":"ROUND(I166*H166,2)","v":{"v":-11945,"d":"-11,945.00"}},"16","-2099153743"]
[null,null,"335","K","766-036","D + M Dveře jednokřídlé,900x2100mm levé, DTD s laminacÍ HPL, ocelová zárubeň - podrobný popis viz Tabulka dveří ozn. Di036","kus",{"v":-1,"d":"-1.000"},{"v":11945,"d":"11,945.00"},{"$f":"ROUND(I167*H167,2)","v":{"v":-11945,"d":"-11,945.00"}},null,null,"","základní",{"v":0,"d":"0.00000"},{"$f":"O167*H167","v":{"v":0,"d":"0.00000"}},{"v":0,"d":"0.00000"},{"$f":"Q167*H167","v":{"v":0,"d":"0.00000"}},{"v":0,"d":"0.00000"},{"$f":"S167*H167","v":{"v":0,"d":"0.00000"}},{"$nulls":23},"16",null,"K","5",{"$nulls":3},"ROZPOCET",{"$nulls":5},{"$f":"IF(N167=\"základní\",J167,0)","v":{"v":-11945,"d":"-11,945.00"}},{"$f":"IF(N167=\"snížená\",J167,0)","v":{"v":0,"d":"0.00"}},{"$f":"IF(N167=\"zákl. přenesená\",J167,0)","v":{"v":0,"d":"0.00"}},{"$f":"IF(N167=\"sníž. přenesená\",J167,0)","v":{"v":0,"d":"0.00"}},{"$f":"IF(N167=\"nulová\",J167,0)","v":{"v":0,"d":"0.00"}},"1",{"$f":"ROUND(I167*H167,2)","v":{"v":-11945,"d":"-11,945.00"}},"16","1884402073"]
[{"$nulls":3},"D","767","Konstrukce zámečnické",{"$nulls":3},{"$f":"BK168","v":{"v":-20410.5,"d":"-20,410.50"}},{"$nulls":5},{"$f":"P169","v":{"v":0,"d":"0.00000"}},null,{"$f":"R169","v":-0.06185},null,{"$f":"T169","v":{"v":0,"d":"0.00000"}},{"$nulls":23},"2",null,"D","4",{"$nulls":3},"ROZPOCET",{"$nulls":11},{"$f":"BK169","v":{"v":-20410.5,"d":"-20,410.50"}}]
[null,null,"413","K","767-Z007","D + M Ocelové zábradlí umístěné na venkovním upravovaném schodišti k objektu O Konstrukce nakreslena na výkrese : D1.02.100-257 , Podrobný popis viz Výpis zámečnických prvků D1.01. - 153 ozn Z007","kg",{"v":-61.85,"d":"-61.850"},{"v":330,"d":"330.00"},{"$f":"ROUND(I169*H169,2)","v":{"v":-20410.5,"d":"-20,410.50"}},null,null,"","základní",{"v":0,"d":"0.00000"},{"$f":"O169*H169","v":{"v":0,"d":"0.00000"}},{"v":1E-3,"d":"0.00100"},{"$f":"Q169*H169","v":-0.06185},{"v":0,"d":"0.00000"},{"$f":"S169*H169","v":{"v":0,"d":"0.00000"}},{"$nulls":23},"16",null,"K","5",{"$nulls":3},"ROZPOCET",{"$nulls":5},{"$f":"IF(N169=\"základní\",J169,0)","v":{"v":-20410.5,"d":"-20,410.50"}},{"$f":"IF(N169=\"snížená\",J169,0)","v":{"v":0,"d":"0.00"}},{"$f":"IF(N169=\"zákl. přenesená\",J169,0)","v":{"v":0,"d":"0.00"}},{"$f":"IF(N169=\"sníž. přenesená\",J169,0)","v":{"v":0,"d":"0.00"}},{"$f":"IF(N169=\"nulová\",J169,0)","v":{"v":0,"d":"0.00"}},"1",{"$f":"ROUND(I169*H169,2)","v":{"v":-20410.5,"d":"-20,410.50"}},"16","-1823509717"]
[{"$nulls":3},"D","767-2","Ostatní prvky",{"$nulls":3},{"$f":"BK170","v":{"v":-17200,"d":"-17,200.00"}},{"$nulls":5},{"$f":"SUM(P171:P172)","v":{"v":0,"d":"0.00000"}},null,{"$f":"SUM(R171:R172)","v":{"v":-0.0495,"d":"-0.04950"}},null,{"$f":"SUM(T171:T172)","v":{"v":0,"d":"0.00000"}},{"$nulls":23},"2",null,"D","4",{"$nulls":3},"ROZPOCET",{"$nulls":11},{"$f":"SUM(BK171:BK172)","v":{"v":-17200,"d":"-17,200.00"}}]
[null,null,"490","K","767-2-OV052","D + M nerezová konstrukce pro zavěšení omyvatelného závěsu, tvořená nerezovým lankem průměru 8mm celkové délky 3,80 bm - Podrobný popis viz Výpis ostatních prvků D1.01.100 - 155 oz. OV052","kus",{"v":-1,"d":"-1.000"},{"v":9000,"d":"9,000.00"},{"$f":"ROUND(I171*H171,2)","v":{"v":-9000,"d":"-9,000.00"}},null,null,"","základní",{"v":0,"d":"0.00000"},{"$f":"O171*H171","v":{"v":0,"d":"0.00000"}},{"v":0.0165,"d":"0.01650"},{"$f":"Q171*H171","v":{"v":-0.0165,"d":"-0.01650"}},{"v":0,"d":"0.00000"},{"$f":"S171*H171","v":{"v":0,"d":"0.00000"}},{"$nulls":23},"16",null,"K","5",{"$nulls":3},"ROZPOCET",{"$nulls":5},{"$f":"IF(N171=\"základní\",J171,0)","v":{"v":-9000,"d":"-9,000.00"}},{"$f":"IF(N171=\"snížená\",J171,0)","v":{"v":0,"d":"0.00"}},{"$f":"IF(N171=\"zákl. přenesená\",J171,0)","v":{"v":0,"d":"0.00"}},{"$f":"IF(N171=\"sníž. přenesená\",J171,0)","v":{"v":0,"d":"0.00"}},{"$f":"IF(N171=\"nulová\",J171,0)","v":{"v":0,"d":"0.00"}},"1",{"$f":"ROUND(I171*H171,2)","v":{"v":-9000,"d":"-9,000.00"}},"16","911280393"]
[null,null,"498","K","767-2-OV060","D + M Střešní pojistný přepad 100x300 mm délky 600 mm. PVC manžeta a PVC chrlič, barva bílá. - Podrobný popis viz Výpis ostatních prvků D1.01.100 - 155 oz. OV060","kus",{"v":-2,"d":"-2.000"},{"v":4100,"d":"4,100.00"},{"$f":"ROUND(I172*H172,2)","v":{"v":-8200,"d":"-8,200.00"}},null,null,"","základní",{"v":0,"d":"0.00000"},{"$f":"O172*H172","v":{"v":0,"d":"0.00000"}},{"v":0.0165,"d":"0.01650"},{"$f":"Q172*H172","v":{"v":-0.033,"d":"-0.03300"}},{"v":0,"d":"0.00000"},{"$f":"S172*H172","v":{"v":0,"d":"0.00000"}},{"$nulls":23},"16",null,"K","5",{"$nulls":3},"ROZPOCET",{"$nulls":5},{"$f":"IF(N172=\"základní\",J172,0)","v":{"v":-8200,"d":"-8,200.00"}},{"$f":"IF(N172=\"snížená\",J172,0)","v":{"v":0,"d":"0.00"}},{"$f":"IF(N172=\"zákl. přenesená\",J172,0)","v":{"v":0,"d":"0.00"}},{"$f":"IF(N172=\"sníž. přenesená\",J172,0)","v":{"v":0,"d":"0.00"}},{"$f":"IF(N172=\"nulová\",J172,0)","v":{"v":0,"d":"0.00"}},"1",{"$f":"ROUND(I172*H172,2)","v":{"v":-8200,"d":"-8,200.00"}},"16","-193818499"]
[{"$nulls":3},"D","767-3","Ocelové konstrukce",{"$nulls":3},{"$f":"BK173","v":{"v":-1173,"d":"-1,173.00"}},{"$nulls":5},{"$f":"P174","v":{"v":0,"d":"0.00000"}},null,{"$f":"R174","v":{"v":0,"d":"0.00000"}},null,{"$f":"T174","v":{"v":0,"d":"0.00000"}},{"$nulls":23},"2",null,"D","4",{"$nulls":3},"ROZPOCET",{"$nulls":11},{"$f":"BK174","v":{"v":-1173,"d":"-1,173.00"}}]
[null,null,"516","K","998767102","Přesun hmot tonážní pro zámečnické konstrukce v objektech v do 12 m","t",-0.782,{"v":1500,"d":"1,500.00"},{"$f":"ROUND(I174*H174,2)","v":{"v":-1173,"d":"-1,173.00"}},null,null,"","základní",{"v":0,"d":"0.00000"},{"$f":"O174*H174","v":{"v":0,"d":"0.00000"}},{"v":0,"d":"0.00000"},{"$f":"Q174*H174","v":{"v":0,"d":"0.00000"}},{"v":0,"d":"0.00000"},{"$f":"S174*H174","v":{"v":0,"d":"0.00000"}},{"$nulls":23},"16",null,"K","5",{"$nulls":3},"ROZPOCET",{"$nulls":5},{"$f":"IF(N174=\"základní\",J174,0)","v":{"v":-1173,"d":"-1,173.00"}},{"$f":"IF(N174=\"snížená\",J174,0)","v":{"v":0,"d":"0.00"}},{"$f":"IF(N174=\"zákl. přenesená\",J174,0)","v":{"v":0,"d":"0.00"}},{"$f":"IF(N174=\"sníž. přenesená\",J174,0)","v":{"v":0,"d":"0.00"}},{"$f":"IF(N174=\"nulová\",J174,0)","v":{"v":0,"d":"0.00"}},"1",{"$f":"ROUND(I174*H174,2)","v":{"v":-1173,"d":"-1,173.00"}},"16","-1163677527"]
[{"$nulls":3},"D","776","Podlahy povlakové",{"$nulls":3},{"$f":"BK175","v":{"v":-87630.8,"d":"-87,630.80"}},{"$nulls":5},{"$f":"SUM(P176:P179)","v":{"v":0,"d":"0.00000"}},null,{"$f":"SUM(R176:R179)","v":{"v":-1.1970687,"d":"-1.19707"}},null,{"$f":"SUM(T176:T179)","v":{"v":0,"d":"0.00000"}},{"$nulls":23},"2",null,"D","4",{"$nulls":3},"ROZPOCET",{"$nulls":11},{"$f":"SUM(BK176:BK179)","v":{"v":-87630.8,"d":"-87,630.80"}}]
[null,null,"573","K","776141111.2","Příprava podkladu vyrovnání samonivelační stěrkou podlah elektrostaticky vodivých min.pevnosti 20 MPa, tloušťky do 3 mm včetně vyrovnání případných výtluků. Výběr materiálů dle systémové skladby. ","m2",{"v":-241.95,"d":"-241.950"},{"v":149,"d":"149.00"},{"$f":"ROUND(I176*H176,2)","v":{"v":-36050.55,"d":"-36,050.55"}},null,null,"","základní",{"v":0,"d":"0.00000"},{"$f":"O176*H176","v":{"v":0,"d":"0.00000"}},0.00455,{"$f":"Q176*H176","v":{"v":-1.1008725,"d":"-1.10087"}},{"v":0,"d":"0.00000"},{"$f":"S176*H176","v":{"v":0,"d":"0.00000"}},{"$nulls":23},"16",null,"K","5",{"$nulls":3},"ROZPOCET",{"$nulls":5},{"$f":"IF(N176=\"základní\",J176,0)","v":{"v":-36050.55,"d":"-36,050.55"}},{"$f":"IF(N176=\"snížená\",J176,0)","v":{"v":0,"d":"0.00"}},{"$f":"IF(N176=\"zákl. přenesená\",J176,0)","v":{"v":0,"d":"0.00"}},{"$f":"IF(N176=\"sníž. přenesená\",J176,0)","v":{"v":0,"d":"0.00"}},{"$f":"IF(N176=\"nulová\",J176,0)","v":{"v":0,"d":"0.00"}},"1",{"$f":"ROUND(I176*H176,2)","v":{"v":-36050.55,"d":"-36,050.55"}},"16","325424231"]
[null,null,"543","K","776221111.1","Lepení pásů z PVC standardním lepidlem ","m2",{"v":-21.23,"d":"-21.230"},{"v":115,"d":"115.00"},{"$f":"ROUND(I177*H177,2)","v":{"v":-2441.45,"d":"-2,441.45"}},null,null,"","základní",{"v":0,"d":"0.00000"},{"$f":"O177*H177","v":{"v":0,"d":"0.00000"}},{"v":0.0003,"d":"0.00030"},{"$f":"Q177*H177","v":{"v":-0.006369,"d":"-0.00637"}},{"v":0,"d":"0.00000"},{"$f":"S177*H177","v":{"v":0,"d":"0.00000"}},{"$nulls":23},"16",null,"K","5",{"$nulls":3},"ROZPOCET",{"$nulls":5},{"$f":"IF(N177=\"základní\",J177,0)","v":{"v":-2441.45,"d":"-2,441.45"}},{"$f":"IF(N177=\"snížená\",J177,0)","v":{"v":0,"d":"0.00"}},{"$f":"IF(N177=\"zákl. přenesená\",J177,0)","v":{"v":0,"d":"0.00"}},{"$f":"IF(N177=\"sníž. přenesená\",J177,0)","v":{"v":0,"d":"0.00"}},{"$f":"IF(N177=\"nulová\",J177,0)","v":{"v":0,"d":"0.00"}},"1",{"$f":"ROUND(I177*H177,2)","v":{"v":-2441.45,"d":"-2,441.45"}},"16","1727891149"]
[null,null,"545","K","776221121","Lepení elektrostaticky vodivých pásů z PVC standardním lepidlem","m2",{"v":-220.72,"d":"-220.720"},{"v":125,"d":"125.00"},{"$f":"ROUND(I178*H178,2)","v":{"v":-27590,"d":"-27,590.00"}},null,null,"","základní",{"v":0,"d":"0.00000"},{"$f":"O178*H178","v":{"v":0,"d":"0.00000"}},{"v":0.0004,"d":"0.00040"},{"$f":"Q178*H178","v":{"v":-0.088288,"d":"-0.08829"}},{"v":0,"d":"0.00000"},{"$f":"S178*H178","v":{"v":0,"d":"0.00000"}},{"$nulls":23},"16",null,"K","5",{"$nulls":3},"ROZPOCET",{"$nulls":5},{"$f":"IF(N178=\"základní\",J178,0)","v":{"v":-27590,"d":"-27,590.00"}},{"$f":"IF(N178=\"snížená\",J178,0)","v":{"v":0,"d":"0.00"}},{"$f":"IF(N178=\"zákl. přenesená\",J178,0)","v":{"v":0,"d":"0.00"}},{"$f":"IF(N178=\"sníž. přenesená\",J178,0)","v":{"v":0,"d":"0.00"}},{"$f":"IF(N178=\"nulová\",J178,0)","v":{"v":0,"d":"0.00"}},"1",{"$f":"ROUND(I178*H178,2)","v":{"v":-27590,"d":"-27,590.00"}},"16","-841611626"]
[null,null,"550","K","776421111","Montáž vytažených soklů obvodových lepených na systémové lišty","m",{"v":-153.92,"d":"-153.920"},{"v":140,"d":"140.00"},{"$f":"ROUND(I179*H179,2)","v":{"v":-21548.8,"d":"-21,548.80"}},null,null,"","základní",{"v":0,"d":"0.00000"},{"$f":"O179*H179","v":{"v":0,"d":"0.00000"}},{"v":1e-05,"d":"0.00001"},{"$f":"Q179*H179","v":{"v":-0.0015392,"d":"-0.00154"}},{"v":0,"d":"0.00000"},{"$f":"S179*H179","v":{"v":0,"d":"0.00000"}},{"$nulls":23},"16",null,"K","5",{"$nulls":3},"ROZPOCET",{"$nulls":5},{"$f":"IF(N179=\"základní\",J179,0)","v":{"v":-21548.8,"d":"-21,548.80"}},{"$f":"IF(N179=\"snížená\",J179,0)","v":{"v":0,"d":"0.00"}},{"$f":"IF(N179=\"zákl. přenesená\",J179,0)","v":{"v":0,"d":"0.00"}},{"$f":"IF(N179=\"sníž. přenesená\",J179,0)","v":{"v":0,"d":"0.00"}},{"$f":"IF(N179=\"nulová\",J179,0)","v":{"v":0,"d":"0.00"}},"1",{"$f":"ROUND(I179*H179,2)","v":{"v":-21548.8,"d":"-21,548.80"}},"16","1480147441"]
[{"$nulls":3},"D","D1.04.100","Zdravotně technické instalace",{"$nulls":3},{"$f":"BK180","v":{"v":-8540,"d":"-8,540.00"}},{"$nulls":5},{"$f":"P181","v":{"v":0,"d":"0.00000"}},null,{"$f":"R181","v":{"v":-4.3E-3,"d":"-0.00430"}},null,{"$f":"T181","v":{"v":0,"d":"0.00000"}},{"$nulls":23},"1",null,"D","3",{"$nulls":3},"ROZPOCET",{"$nulls":11},{"$f":"BK181","v":{"v":-8540,"d":"-8,540.00"}}]
[{"$nulls":3},"D","PSV","Práce a dodávky PSV",{"$nulls":3},{"$f":"BK181","v":{"v":-8540,"d":"-8,540.00"}},{"$nulls":5},{"$f":"P182","v":{"v":0,"d":"0.00000"}},null,{"$f":"R182","v":{"v":-4.3E-3,"d":"-0.00430"}},null,{"$f":"T182","v":{"v":0,"d":"0.00000"}},{"$nulls":23},"2",null,"D","4",{"$nulls":3},"ROZPOCET",{"$nulls":11},{"$f":"BK182","v":{"v":-8540,"d":"-8,540.00"}}]
[{"$nulls":3},"D","725","Zdravotechnika - zařizovací předměty",{"$nulls":3},{"$f":"BK182","v":{"v":-8540,"d":"-8,540.00"}},{"$nulls":5},{"$f":"P183","v":{"v":0,"d":"0.00000"}},null,{"$f":"R183","v":{"v":-4.3E-3,"d":"-0.00430"}},null,{"$f":"T183","v":{"v":0,"d":"0.00000"}},{"$nulls":23},"2",null,"D","5",{"$nulls":3},"ROZPOCET",{"$nulls":11},{"$f":"BK183","v":{"v":-8540,"d":"-8,540.00"}}]
[null,null,"89","K","725319111","Montáž dřezu ostatních typů","soubor",{"v":-10,"d":"-10.000"},{"v":854,"d":"854.00"},{"$f":"ROUND(I183*H183,2)","v":{"v":-8540,"d":"-8,540.00"}},null,null,"","základní",{"v":0,"d":"0.00000"},{"$f":"O183*H183","v":{"v":0,"d":"0.00000"}},0.00043,{"$f":"Q183*H183","v":{"v":-4.3E-3,"d":"-0.00430"}},{"v":0,"d":"0.00000"},{"$f":"S183*H183","v":{"v":0,"d":"0.00000"}},{"$nulls":23},"16",null,"K","6",{"$nulls":3},"ROZPOCET",{"$nulls":5},{"$f":"IF(N183=\"základní\",J183,0)","v":{"v":-8540,"d":"-8,540.00"}},{"$f":"IF(N183=\"snížená\",J183,0)","v":{"v":0,"d":"0.00"}},{"$f":"IF(N183=\"zákl. přenesená\",J183,0)","v":{"v":0,"d":"0.00"}},{"$f":"IF(N183=\"sníž. přenesená\",J183,0)","v":{"v":0,"d":"0.00"}},{"$f":"IF(N183=\"nulová\",J183,0)","v":{"v":0,"d":"0.00"}},"1",{"$f":"ROUND(I183*H183,2)","v":{"v":-8540,"d":"-8,540.00"}},"16","265490687"]
[{"$nulls":3},"D","D1.04.700","Silnoproudá elektrotechnika",{"$nulls":3},{"$f":"BK184","v":{"v":-19904.04,"d":"-19,904.04"}},{"$nulls":5},{"$f":"P185","v":{"v":0,"d":"0.00000"}},null,{"$f":"R185","v":{"v":0,"d":"0.00000"}},null,{"$f":"T185","v":{"v":0,"d":"0.00000"}},{"$nulls":23},"1",null,"D","3",{"$nulls":3},"ROZPOCET",{"$nulls":11},{"$f":"BK185","v":{"v":-19904.04,"d":"-19,904.04"}}]
[{"$nulls":3},"D","741.003","Elektroinstalace osvětlení",{"$nulls":3},{"$f":"BK185","v":{"v":-19904.04,"d":"-19,904.04"}},{"$nulls":5},{"$f":"SUM(P186:P188)","v":{"v":0,"d":"0.00000"}},null,{"$f":"SUM(R186:R188)","v":{"v":0,"d":"0.00000"}},null,{"$f":"SUM(T186:T188)","v":{"v":0,"d":"0.00000"}},{"$nulls":23},"1",null,"D","4",{"$nulls":3},"ROZPOCET",{"$nulls":11},{"$f":"SUM(BK186:BK188)","v":{"v":-19904.04,"d":"-19,904.04"}}]
[null,null,"41","K","741003.008","G - Příprava pro svítidlo, ukončeno volným vývodem a svorkami; dodávka + montáž","ks",{"v":-2,"d":"-2.000"},93.67,{"$f":"ROUND(I186*H186,2)","v":-187.34},null,null,"","základní",{"v":0,"d":"0.00000"},{"$f":"O186*H186","v":{"v":0,"d":"0.00000"}},{"v":0,"d":"0.00000"},{"$f":"Q186*H186","v":{"v":0,"d":"0.00000"}},{"v":0,"d":"0.00000"},{"$f":"S186*H186","v":{"v":0,"d":"0.00000"}},{"$nulls":23},"16",null,"K","5",{"$nulls":3},"ROZPOCET",{"$nulls":5},{"$f":"IF(N186=\"základní\",J186,0)","v":-187.34},{"$f":"IF(N186=\"snížená\",J186,0)","v":{"v":0,"d":"0.00"}},{"$f":"IF(N186=\"zákl. přenesená\",J186,0)","v":{"v":0,"d":"0.00"}},{"$f":"IF(N186=\"sníž. přenesená\",J186,0)","v":{"v":0,"d":"0.00"}},{"$f":"IF(N186=\"nulová\",J186,0)","v":{"v":0,"d":"0.00"}},"1",{"$f":"ROUND(I186*H186,2)","v":-187.34},"16","1054902330"]
[null,null,"46","K","741003.013","Svítidlo pod kuchyňskou linku se spínačem a vidlicí; dodávka + montáž","ks",{"v":-20,"d":"-20.000"},807.55,{"$f":"ROUND(I187*H187,2)","v":{"v":-16151,"d":"-16,151.00"}},null,null,"","základní",{"v":0,"d":"0.00000"},{"$f":"O187*H187","v":{"v":0,"d":"0.00000"}},{"v":0,"d":"0.00000"},{"$f":"Q187*H187","v":{"v":0,"d":"0.00000"}},{"v":0,"d":"0.00000"},{"$f":"S187*H187","v":{"v":0,"d":"0.00000"}},{"$nulls":23},"16",null,"K","5",{"$nulls":3},"ROZPOCET",{"$nulls":5},{"$f":"IF(N187=\"základní\",J187,0)","v":{"v":-16151,"d":"-16,151.00"}},{"$f":"IF(N187=\"snížená\",J187,0)","v":{"v":0,"d":"0.00"}},{"$f":"IF(N187=\"zákl. přenesená\",J187,0)","v":{"v":0,"d":"0.00"}},{"$f":"IF(N187=\"sníž. přenesená\",J187,0)","v":{"v":0,"d":"0.00"}},{"$f":"IF(N187=\"nulová\",J187,0)","v":{"v":0,"d":"0.00"}},"1",{"$f":"ROUND(I187*H187,2)","v":{"v":-16151,"d":"-16,151.00"}},"16","-184787019"]
[null,null,"51","K","741003.018","P2 - SVÍTIDLO NÁSTĚNNÉ / LED / 5,8W / IP65 / EM3h / PIKTOGRAM; dodávka + montáž","ks",{"v":-2,"d":"-2.000"},{"v":1782.85,"d":"1,782.85"},{"$f":"ROUND(I188*H188,2)","v":{"v":-3565.7,"d":"-3,565.70"}},null,null,"","základní",{"v":0,"d":"0.00000"},{"$f":"O188*H188","v":{"v":0,"d":"0.00000"}},{"v":0,"d":"0.00000"},{"$f":"Q188*H188","v":{"v":0,"d":"0.00000"}},{"v":0,"d":"0.00000"},{"$f":"S188*H188","v":{"v":0,"d":"0.00000"}},{"$nulls":23},"16",null,"K","5",{"$nulls":3},"ROZPOCET",{"$nulls":5},{"$f":"IF(N188=\"základní\",J188,0)","v":{"v":-3565.7,"d":"-3,565.70"}},{"$f":"IF(N188=\"snížená\",J188,0)","v":{"v":0,"d":"0.00"}},{"$f":"IF(N188=\"zákl. přenesená\",J188,0)","v":{"v":0,"d":"0.00"}},{"$f":"IF(N188=\"sníž. přenesená\",J188,0)","v":{"v":0,"d":"0.00"}},{"$f":"IF(N188=\"nulová\",J188,0)","v":{"v":0,"d":"0.00"}},"1",{"$f":"ROUND(I188*H188,2)","v":{"v":-3565.7,"d":"-3,565.70"}},"16","-1703774340"]
[{"$nulls":3},"D","D1.04.800","Slaboproudá elektrotechnika",{"$nulls":3},{"$f":"BK189","v":{"v":-1105.03,"d":"-1,105.03"}},{"$nulls":5},{"$f":"P190","v":{"v":0,"d":"0.00000"}},null,{"$f":"R190","v":{"v":0,"d":"0.00000"}},null,{"$f":"T190","v":{"v":0,"d":"0.00000"}},{"$nulls":23},"1",null,"D","3",{"$nulls":3},"ROZPOCET",{"$nulls":11},{"$f":"BK190","v":{"v":-1105.03,"d":"-1,105.03"}}]
[{"$nulls":3},"D","742.4","Systém Sestra/Pacient",{"$nulls":3},{"$f":"BK190","v":{"v":-1105.03,"d":"-1,105.03"}},{"$nulls":5},{"$f":"P191","v":{"v":0,"d":"0.00000"}},null,{"$f":"R191","v":{"v":0,"d":"0.00000"}},null,{"$f":"T191","v":{"v":0,"d":"0.00000"}},{"$nulls":23},"1",null,"D","4",{"$nulls":3},"ROZPOCET",{"$nulls":11},{"$f":"BK191","v":{"v":-1105.03,"d":"-1,105.03"}}]
[{"$nulls":3},"D","742.401","Moduly systému",{"$nulls":3},{"$f":"BK191","v":{"v":-1105.03,"d":"-1,105.03"}},{"$nulls":5},{"$f":"P192","v":{"v":0,"d":"0.00000"}},null,{"$f":"R192","v":{"v":0,"d":"0.00000"}},null,{"$f":"T192","v":{"v":0,"d":"0.00000"}},{"$nulls":23},"1",null,"D","5",{"$nulls":3},"ROZPOCET",{"$nulls":11},{"$f":"BK192","v":{"v":-1105.03,"d":"-1,105.03"}}]
[null,null,"119","K","742401.005","Orientační / signalizační světlo před imobil. WC např. SCHRACK lv1; dodávka + montáž","ks",{"v":-1,"d":"-1.000"},{"v":1105.03,"d":"1,105.03"},{"$f":"ROUND(I192*H192,2)","v":{"v":-1105.03,"d":"-1,105.03"}},null,null,"","základní",{"v":0,"d":"0.00000"},{"$f":"O192*H192","v":{"v":0,"d":"0.00000"}},{"v":0,"d":"0.00000"},{"$f":"Q192*H192","v":{"v":0,"d":"0.00000"}},{"v":0,"d":"0.00000"},{"$f":"S192*H192","v":{"v":0,"d":"0.00000"}},{"$nulls":23},"16",null,"K","6",{"$nulls":3},"ROZPOCET",{"$nulls":5},{"$f":"IF(N192=\"základní\",J192,0)","v":{"v":-1105.03,"d":"-1,105.03"}},{"$f":"IF(N192=\"snížená\",J192,0)","v":{"v":0,"d":"0.00"}},{"$f":"IF(N192=\"zákl. přenesená\",J192,0)","v":{"v":0,"d":"0.00"}},{"$f":"IF(N192=\"sníž. přenesená\",J192,0)","v":{"v":0,"d":"0.00"}},{"$f":"IF(N192=\"nulová\",J192,0)","v":{"v":0,"d":"0.00"}},"1",{"$f":"ROUND(I192*H192,2)","v":{"v":-1105.03,"d":"-1,105.03"}},"16","-69199195"]
[{"$nulls":3},"D","D1.06.100","Terénní úpravy",{"$nulls":3},{"$f":"BK193","v":{"v":-4502.13,"d":"-4,502.13"}},{"$nulls":5},{"$f":"P194","v":{"v":0,"d":"0.00000"}},null,{"$f":"R194","v":{"v":0,"d":"0.00000"}},null,{"$f":"T194","v":{"v":0,"d":"0.00000"}},{"$nulls":23},"1",null,"D","3",{"$nulls":3},"ROZPOCET",{"$nulls":11},{"$f":"BK194","v":{"v":-4502.13,"d":"-4,502.13"}}]
[{"$nulls":3},"D","HSV","Práce a dodávky HSV",{"$nulls":3},{"$f":"BK194","v":{"v":-4502.13,"d":"-4,502.13"}},{"$nulls":5},{"$f":"P195","v":{"v":0,"d":"0.00000"}},null,{"$f":"R195","v":{"v":0,"d":"0.00000"}},null,{"$f":"T195","v":{"v":0,"d":"0.00000"}},{"$nulls":23},"1",null,"D","4",{"$nulls":3},"ROZPOCET",{"$nulls":11},{"$f":"BK195","v":{"v":-4502.13,"d":"-4,502.13"}}]
[{"$nulls":3},"D","1","Zemní práce",{"$nulls":3},{"$f":"BK195","v":{"v":-4502.13,"d":"-4,502.13"}},{"$nulls":5},{"$f":"SUM(P196:P199)","v":{"v":0,"d":"0.00000"}},null,{"$f":"SUM(R196:R199)","v":{"v":0,"d":"0.00000"}},null,{"$f":"SUM(T196:T199)","v":{"v":0,"d":"0.00000"}},{"$nulls":23},"1",null,"D","5",{"$nulls":3},"ROZPOCET",{"$nulls":11},{"$f":"SUM(BK196:BK199)","v":{"v":-4502.13,"d":"-4,502.13"}}]
[null,null,"3","K","122351505","Odkopávky a prokopávky zapažené v hornině třídy těžitelnosti II, skupiny 4 objem do 1000 m3 strojně","m3",-15.504,{"v":95,"d":"95.00"},{"$f":"ROUND(I196*H196,2)","v":{"v":-1472.88,"d":"-1,472.88"}},null,null,"","základní",{"v":0,"d":"0.00000"},{"$f":"O196*H196","v":{"v":0,"d":"0.00000"}},{"v":0,"d":"0.00000"},{"$f":"Q196*H196","v":{"v":0,"d":"0.00000"}},{"v":0,"d":"0.00000"},{"$f":"S196*H196","v":{"v":0,"d":"0.00000"}},{"$nulls":23},"4",null,"K","6",{"$nulls":3},"ROZPOCET",{"$nulls":5},{"$f":"IF(N196=\"základní\",J196,0)","v":{"v":-1472.88,"d":"-1,472.88"}},{"$f":"IF(N196=\"snížená\",J196,0)","v":{"v":0,"d":"0.00"}},{"$f":"IF(N196=\"zákl. přenesená\",J196,0)","v":{"v":0,"d":"0.00"}},{"$f":"IF(N196=\"sníž. přenesená\",J196,0)","v":{"v":0,"d":"0.00"}},{"$f":"IF(N196=\"nulová\",J196,0)","v":{"v":0,"d":"0.00"}},"1",{"$f":"ROUND(I196*H196,2)","v":{"v":-1472.88,"d":"-1,472.88"}},"4","-1800154532"]
[null,null,"13","K","162751157","Vodorovné přemístění do 10000 m výkopku/sypaniny z horniny třídy těžitelnosti III, skupiny 6 a 7","m3",-14.425,{"v":110,"d":"110.00"},{"$f":"ROUND(I197*H197,2)","v":{"v":-1586.75,"d":"-1,586.75"}},null,null,"","základní",{"v":0,"d":"0.00000"},{"$f":"O197*H197","v":{"v":0,"d":"0.00000"}},{"v":0,"d":"0.00000"},{"$f":"Q197*H197","v":{"v":0,"d":"0.00000"}},{"v":0,"d":"0.00000"},{"$f":"S197*H197","v":{"v":0,"d":"0.00000"}},{"$nulls":23},"4",null,"K","6",{"$nulls":3},"ROZPOCET",{"$nulls":5},{"$f":"IF(N197=\"základní\",J197,0)","v":{"v":-1586.75,"d":"-1,586.75"}},{"$f":"IF(N197=\"snížená\",J197,0)","v":{"v":0,"d":"0.00"}},{"$f":"IF(N197=\"zákl. přenesená\",J197,0)","v":{"v":0,"d":"0.00"}},{"$f":"IF(N197=\"sníž. přenesená\",J197,0)","v":{"v":0,"d":"0.00"}},{"$f":"IF(N197=\"nulová\",J197,0)","v":{"v":0,"d":"0.00"}},"1",{"$f":"ROUND(I197*H197,2)","v":{"v":-1586.75,"d":"-1,586.75"}},"4","-95495549"]
[null,null,"14","K","162751159","Příplatek k vodorovnému přemístění výkopku/sypaniny z horniny třídy těžitelnosti III, skupiny 6 a 7 ZKD 1000 m přes 10000 m","m3",{"v":-144.25,"d":"-144.250"},{"v":5,"d":"5.00"},{"$f":"ROUND(I198*H198,2)","v":-721.25},null,null,"","základní",{"v":0,"d":"0.00000"},{"$f":"O198*H198","v":{"v":0,"d":"0.00000"}},{"v":0,"d":"0.00000"},{"$f":"Q198*H198","v":{"v":0,"d":"0.00000"}},{"v":0,"d":"0.00000"},{"$f":"S198*H198","v":{"v":0,"d":"0.00000"}},{"$nulls":23},"4",null,"K","6",{"$nulls":3},"ROZPOCET",{"$nulls":5},{"$f":"IF(N198=\"základní\",J198,0)","v":-721.25},{"$f":"IF(N198=\"snížená\",J198,0)","v":{"v":0,"d":"0.00"}},{"$f":"IF(N198=\"zákl. přenesená\",J198,0)","v":{"v":0,"d":"0.00"}},{"$f":"IF(N198=\"sníž. přenesená\",J198,0)","v":{"v":0,"d":"0.00"}},{"$f":"IF(N198=\"nulová\",J198,0)","v":{"v":0,"d":"0.00"}},"1",{"$f":"ROUND(I198*H198,2)","v":-721.25},"4","1238570534"]
[null,null,"15","K","171201231","Poplatek za uložení zeminy a kamení na recyklační skládce (skládkovné) kód odpadu 17 05 04","t",-14.425,{"v":50,"d":"50.00"},{"$f":"ROUND(I199*H199,2)","v":-721.25},null,null,"","základní",{"v":0,"d":"0.00000"},{"$f":"O199*H199","v":{"v":0,"d":"0.00000"}},{"v":0,"d":"0.00000"},{"$f":"Q199*H199","v":{"v":0,"d":"0.00000"}},{"v":0,"d":"0.00000"},{"$f":"S199*H199","v":{"v":0,"d":"0.00000"}},{"$nulls":23},"4",null,"K","6",{"$nulls":3},"ROZPOCET",{"$nulls":5},{"$f":"IF(N199=\"základní\",J199,0)","v":-721.25},{"$f":"IF(N199=\"snížená\",J199,0)","v":{"v":0,"d":"0.00"}},{"$f":"IF(N199=\"zákl. přenesená\",J199,0)","v":{"v":0,"d":"0.00"}},{"$f":"IF(N199=\"sníž. přenesená\",J199,0)","v":{"v":0,"d":"0.00"}},{"$f":"IF(N199=\"nulová\",J199,0)","v":{"v":0,"d":"0.00"}},"1",{"$f":"ROUND(I199*H199,2)","v":-721.25},"4","1712585424"]
[{"$nulls":3},"D","SO 300","Vodohospodářské stavby",{"$nulls":3},{"$f":"BK200","v":{"v":-10845,"d":"-10,845.00"}},{"$nulls":5},{"$f":"P201+P206","v":{"v":0,"d":"0.00000"}},null,{"$f":"R201+R206","v":{"v":-0.018000000000000002,"d":"-0.01800"}},null,{"$f":"T201+T206","v":{"v":0,"d":"0.00000"}},{"$nulls":23},"1",null,"D","2",{"$nulls":3},"ROZPOCET",{"$nulls":11},{"$f":"BK201+BK206","v":{"v":-10845,"d":"-10,845.00"}}]
[{"$nulls":3},"D","SO 303","Přípojka dešťové kanalizace",{"$nulls":3},{"$f":"BK201","v":{"v":-4095,"d":"-4,095.00"}},{"$nulls":5},{"$f":"P202","v":{"v":0,"d":"0.00000"}},null,{"$f":"R202","v":{"v":-0.018000000000000002,"d":"-0.01800"}},null,{"$f":"T202","v":{"v":0,"d":"0.00000"}},{"$nulls":23},"1",null,"D","3",{"$nulls":3},"ROZPOCET",{"$nulls":11},{"$f":"BK202","v":{"v":-4095,"d":"-4,095.00"}}]
[{"$nulls":3},"D","HSV","Práce a dodávky HSV",{"$nulls":3},{"$f":"BK202","v":{"v":-4095,"d":"-4,095.00"}},{"$nulls":5},{"$f":"P203","v":{"v":0,"d":"0.00000"}},null,{"$f":"R203","v":{"v":-0.018000000000000002,"d":"-0.01800"}},null,{"$f":"T203","v":{"v":0,"d":"0.00000"}},{"$nulls":23},"1",null,"D","4",{"$nulls":3},"ROZPOCET",{"$nulls":11},{"$f":"BK203","v":{"v":-4095,"d":"-4,095.00"}}]
[{"$nulls":3},"D","8","Trubní vedení",{"$nulls":3},{"$f":"BK203","v":{"v":-4095,"d":"-4,095.00"}},{"$nulls":5},{"$f":"SUM(P204:P205)","v":{"v":0,"d":"0.00000"}},null,{"$f":"SUM(R204:R205)","v":{"v":-0.018000000000000002,"d":"-0.01800"}},null,{"$f":"SUM(T204:T205)","v":{"v":0,"d":"0.00000"}},{"$nulls":23},"1",null,"D","5",{"$nulls":3},"ROZPOCET",{"$nulls":11},{"$f":"SUM(BK204:BK205)","v":{"v":-4095,"d":"-4,095.00"}}]
[null,null,"60","M","59224348","těsnění elastomerové pro spojení šachetních dílů DN 1000","kus",{"v":-5,"d":"-5.000"},{"v":455,"d":"455.00"},{"$f":"ROUND(I204*H204,2)","v":{"v":-2275,"d":"-2,275.00"}},null,null,"","základní",{"v":0,"d":"0.00000"},{"$f":"O204*H204","v":{"v":0,"d":"0.00000"}},{"v":2E-3,"d":"0.00200"},{"$f":"Q204*H204","v":{"v":-0.01,"d":"-0.01000"}},{"v":0,"d":"0.00000"},{"$f":"S204*H204","v":{"v":0,"d":"0.00000"}},{"$nulls":23},"8",null,"M","6",{"$nulls":3},"ROZPOCET",{"$nulls":5},{"$f":"IF(N204=\"základní\",J204,0)","v":{"v":-2275,"d":"-2,275.00"}},{"$f":"IF(N204=\"snížená\",J204,0)","v":{"v":0,"d":"0.00"}},{"$f":"IF(N204=\"zákl. přenesená\",J204,0)","v":{"v":0,"d":"0.00"}},{"$f":"IF(N204=\"sníž. přenesená\",J204,0)","v":{"v":0,"d":"0.00"}},{"$f":"IF(N204=\"nulová\",J204,0)","v":{"v":0,"d":"0.00"}},"1",{"$f":"ROUND(I204*H204,2)","v":{"v":-2275,"d":"-2,275.00"}},"4","-1718665888"]
[null,null,"65","M","59224348","těsnění elastomerové pro spojení šachetních dílů DN 1000","kus",{"v":-4,"d":"-4.000"},{"v":455,"d":"455.00"},{"$f":"ROUND(I205*H205,2)","v":{"v":-1820,"d":"-1,820.00"}},null,null,"","základní",{"v":0,"d":"0.00000"},{"$f":"O205*H205","v":{"v":0,"d":"0.00000"}},{"v":2E-3,"d":"0.00200"},{"$f":"Q205*H205","v":{"v":-0.008,"d":"-0.00800"}},{"v":0,"d":"0.00000"},{"$f":"S205*H205","v":{"v":0,"d":"0.00000"}},{"$nulls":23},"8",null,"M","6",{"$nulls":3},"ROZPOCET",{"$nulls":5},{"$f":"IF(N205=\"základní\",J205,0)","v":{"v":-1820,"d":"-1,820.00"}},{"$f":"IF(N205=\"snížená\",J205,0)","v":{"v":0,"d":"0.00"}},{"$f":"IF(N205=\"zákl. přenesená\",J205,0)","v":{"v":0,"d":"0.00"}},{"$f":"IF(N205=\"sníž. přenesená\",J205,0)","v":{"v":0,"d":"0.00"}},{"$f":"IF(N205=\"nulová\",J205,0)","v":{"v":0,"d":"0.00"}},"1",{"$f":"ROUND(I205*H205,2)","v":{"v":-1820,"d":"-1,820.00"}},"4","428210323"]
[{"$nulls":3},"D","SO 306","Areálový vodovod (suchovod)",{"$nulls":3},{"$f":"BK206","v":{"v":-6750,"d":"-6,750.00"}},{"$nulls":5},{"$f":"P207+P210","v":{"v":0,"d":"0.00000"}},null,{"$f":"R207+R210","v":{"v":0,"d":"0.00000"}},null,{"$f":"T207+T210","v":{"v":0,"d":"0.00000"}},{"$nulls":23},"1",null,"D","3",{"$nulls":3},"ROZPOCET",{"$nulls":11},{"$f":"BK207+BK210","v":{"v":-6750,"d":"-6,750.00"}}]
[{"$nulls":3},"D","HSV","Práce a dodávky HSV",{"$nulls":3},{"$f":"BK207","v":{"v":-5000,"d":"-5,000.00"}},{"$nulls":5},{"$f":"P208","v":{"v":0,"d":"0.00000"}},null,{"$f":"R208","v":{"v":0,"d":"0.00000"}},null,{"$f":"T208","v":{"v":0,"d":"0.00000"}},{"$nulls":23},"1",null,"D","4",{"$nulls":3},"ROZPOCET",{"$nulls":11},{"$f":"BK208","v":{"v":-5000,"d":"-5,000.00"}}]
[{"$nulls":3},"D","8","Trubní vedení",{"$nulls":3},{"$f":"BK208","v":{"v":-5000,"d":"-5,000.00"}},{"$nulls":5},{"$f":"P209","v":{"v":0,"d":"0.00000"}},null,{"$f":"R209","v":{"v":0,"d":"0.00000"}},null,{"$f":"T209","v":{"v":0,"d":"0.00000"}},{"$nulls":23},"1",null,"D","5",{"$nulls":3},"ROZPOCET",{"$nulls":11},{"$f":"BK209","v":{"v":-5000,"d":"-5,000.00"}}]
[null,null,"36","K","89972-R","Laboratorní zkoušky pitné vody","kus",{"v":-1,"d":"-1.000"},{"v":5000,"d":"5,000.00"},{"$f":"ROUND(I209*H209,2)","v":{"v":-5000,"d":"-5,000.00"}},null,null,"","základní",{"v":0,"d":"0.00000"},{"$f":"O209*H209","v":{"v":0,"d":"0.00000"}},{"v":0,"d":"0.00000"},{"$f":"Q209*H209","v":{"v":0,"d":"0.00000"}},{"v":0,"d":"0.00000"},{"$f":"S209*H209","v":{"v":0,"d":"0.00000"}},{"$nulls":23},"4",null,"K","6",{"$nulls":3},"ROZPOCET",{"$nulls":5},{"$f":"IF(N209=\"základní\",J209,0)","v":{"v":-5000,"d":"-5,000.00"}},{"$f":"IF(N209=\"snížená\",J209,0)","v":{"v":0,"d":"0.00"}},{"$f":"IF(N209=\"zákl. přenesená\",J209,0)","v":{"v":0,"d":"0.00"}},{"$f":"IF(N209=\"sníž. přenesená\",J209,0)","v":{"v":0,"d":"0.00"}},{"$f":"IF(N209=\"nulová\",J209,0)","v":{"v":0,"d":"0.00"}},"1",{"$f":"ROUND(I209*H209,2)","v":{"v":-5000,"d":"-5,000.00"}},"4","-1649139886"]
[{"$nulls":3},"D","OST","Areálový vodovod (suchovod) - ostatní",{"$nulls":3},{"$f":"BK210","v":{"v":-1750,"d":"-1,750.00"}},{"$nulls":5},{"$f":"P211","v":{"v":0,"d":"0.00000"}},null,{"$f":"R211","v":{"v":0,"d":"0.00000"}},null,{"$f":"T211","v":{"v":0,"d":"0.00000"}},{"$nulls":23},"4",null,"D","4",{"$nulls":3},"ROZPOCET",{"$nulls":11},{"$f":"BK211","v":{"v":-1750,"d":"-1,750.00"}}]
[null,null,"51","K","OST.018","Zaškolení obsluhy včetně vyhotovení protokolu o zaškolení","hod",{"v":-5,"d":"-5.000"},{"v":350,"d":"350.00"},{"$f":"ROUND(I211*H211,2)","v":{"v":-1750,"d":"-1,750.00"}},null,null,"","základní",{"v":0,"d":"0.00000"},{"$f":"O211*H211","v":{"v":0,"d":"0.00000"}},{"v":0,"d":"0.00000"},{"$f":"Q211*H211","v":{"v":0,"d":"0.00000"}},{"v":0,"d":"0.00000"},{"$f":"S211*H211","v":{"v":0,"d":"0.00000"}},{"$nulls":23},"262144",null,"K","5",{"$nulls":3},"ROZPOCET",{"$nulls":5},{"$f":"IF(N211=\"základní\",J211,0)","v":{"v":-1750,"d":"-1,750.00"}},{"$f":"IF(N211=\"snížená\",J211,0)","v":{"v":0,"d":"0.00"}},{"$f":"IF(N211=\"zákl. přenesená\",J211,0)","v":{"v":0,"d":"0.00"}},{"$f":"IF(N211=\"sníž. přenesená\",J211,0)","v":{"v":0,"d":"0.00"}},{"$f":"IF(N211=\"nulová\",J211,0)","v":{"v":0,"d":"0.00"}},"1",{"$f":"ROUND(I211*H211,2)","v":{"v":-1750,"d":"-1,750.00"}},"262144","-781652740"]
[{"$nulls":3},"D","SO 500","Úprava areálových zpevněných ploch a komunikací",{"$nulls":3},{"$f":"BK212","v":{"v":-12699.45,"d":"-12,699.45"}},{"$nulls":5},{"$f":"P213","v":{"v":0,"d":"0.00000"}},null,{"$f":"R213","v":{"v":0,"d":"0.00000"}},null,{"$f":"T213","v":{"v":0,"d":"0.00000"}},{"$nulls":23},"1",null,"D","2",{"$nulls":3},"ROZPOCET",{"$nulls":11},{"$f":"BK213","v":{"v":-12699.45,"d":"-12,699.45"}}]
[{"$nulls":3},"D","D1.05.100","Komunikace a zpevněné plochy",{"$nulls":3},{"$f":"BK213","v":{"v":-12699.45,"d":"-12,699.45"}},{"$nulls":5},{"$f":"P214+P216","v":{"v":0,"d":"0.00000"}},null,{"$f":"R214+R216","v":{"v":0,"d":"0.00000"}},null,{"$f":"T214+T216","v":{"v":0,"d":"0.00000"}},{"$nulls":23},"1",null,"D","3",{"$nulls":3},"ROZPOCET",{"$nulls":11},{"$f":"BK214+BK216","v":{"v":-12699.45,"d":"-12,699.45"}}]
[{"$nulls":3},"D","0","Všeobecné konstrukce a práce",{"$nulls":3},{"$f":"BK214","v":{"v":-10000,"d":"-10,000.00"}},{"$nulls":5},{"$f":"P215","v":{"v":0,"d":"0.00000"}},null,{"$f":"R215","v":{"v":0,"d":"0.00000"}},null,{"$f":"T215","v":{"v":0,"d":"0.00000"}},{"$nulls":23},"1",null,"D","4",{"$nulls":3},"ROZPOCET",{"$nulls":11},{"$f":"BK215","v":{"v":-10000,"d":"-10,000.00"}}]
[null,null,"7","K","02950","OSTATNÍ POŽADAVKY - POSUDKY, KONTROLY, REVIZNÍ ZPRÁVY - konzultace s hydrogeologem (pouze na vyžádání a dle potřeby) - odborný odhad","HOD",{"v":-10,"d":"-10.000"},{"v":1000,"d":"1,000.00"},{"$f":"ROUND(I215*H215,2)","v":{"v":-10000,"d":"-10,000.00"}},null,null,"","základní",{"v":0,"d":"0.00000"},{"$f":"O215*H215","v":{"v":0,"d":"0.00000"}},{"v":0,"d":"0.00000"},{"$f":"Q215*H215","v":{"v":0,"d":"0.00000"}},{"v":0,"d":"0.00000"},{"$f":"S215*H215","v":{"v":0,"d":"0.00000"}},{"$nulls":23},"4",null,"K","5",{"$nulls":3},"ROZPOCET",{"$nulls":5},{"$f":"IF(N215=\"základní\",J215,0)","v":{"v":-10000,"d":"-10,000.00"}},{"$f":"IF(N215=\"snížená\",J215,0)","v":{"v":0,"d":"0.00"}},{"$f":"IF(N215=\"zákl. přenesená\",J215,0)","v":{"v":0,"d":"0.00"}},{"$f":"IF(N215=\"sníž. přenesená\",J215,0)","v":{"v":0,"d":"0.00"}},{"$f":"IF(N215=\"nulová\",J215,0)","v":{"v":0,"d":"0.00"}},"1",{"$f":"ROUND(I215*H215,2)","v":{"v":-10000,"d":"-10,000.00"}},"4","1054325902"]
[{"$nulls":3},"D","5","Komunikace",{"$nulls":3},{"$f":"BK216","v":{"v":-2699.45,"d":"-2,699.45"}},{"$nulls":5},{"$f":"SUM(P217:P218)","v":{"v":0,"d":"0.00000"}},null,{"$f":"SUM(R217:R218)","v":{"v":0,"d":"0.00000"}},null,{"$f":"SUM(T217:T218)","v":{"v":0,"d":"0.00000"}},{"$nulls":23},"1",null,"D","4",{"$nulls":3},"ROZPOCET",{"$nulls":11},{"$f":"SUM(BK217:BK218)","v":{"v":-2699.45,"d":"-2,699.45"}}]
[null,null,"48","K","58251","DLÁŽDĚNÉ KRYTY Z BETONOVÝCH DLAŽDIC DO LOŽE Z KAMENIVA, lemování var. a signálních pásů 255x255 mm, 10% navíc","M2",-1.482,{"v":850,"d":"850.00"},{"$f":"ROUND(I217*H217,2)","v":{"v":-1259.7,"d":"-1,259.70"}},null,null,"","základní",{"v":0,"d":"0.00000"},{"$f":"O217*H217","v":{"v":0,"d":"0.00000"}},{"v":0,"d":"0.00000"},{"$f":"Q217*H217","v":{"v":0,"d":"0.00000"}},{"v":0,"d":"0.00000"},{"$f":"S217*H217","v":{"v":0,"d":"0.00000"}},{"$nulls":23},"4",null,"K","5",{"$nulls":3},"ROZPOCET",{"$nulls":5},{"$f":"IF(N217=\"základní\",J217,0)","v":{"v":-1259.7,"d":"-1,259.70"}},{"$f":"IF(N217=\"snížená\",J217,0)","v":{"v":0,"d":"0.00"}},{"$f":"IF(N217=\"zákl. přenesená\",J217,0)","v":{"v":0,"d":"0.00"}},{"$f":"IF(N217=\"sníž. přenesená\",J217,0)","v":{"v":0,"d":"0.00"}},{"$f":"IF(N217=\"nulová\",J217,0)","v":{"v":0,"d":"0.00"}},"1",{"$f":"ROUND(I217*H217,2)","v":{"v":-1259.7,"d":"-1,259.70"}},"4","-91652798"]
[null,null,"49","K","58251a","DLÁŽDĚNÉ KRYTY Z BETONOVÝCH DLAŽDIC DO LOŽE Z KAMENIVA, prvky se spec. hmatovou úpravou barevně odlišné od realizovaných povrchů 60x60x30","M2",-2.215,{"v":650,"d":"650.00"},{"$f":"ROUND(I218*H218,2)","v":{"v":-1439.75,"d":"-1,439.75"}},null,null,"","základní",{"v":0,"d":"0.00000"},{"$f":"O218*H218","v":{"v":0,"d":"0.00000"}},{"v":0,"d":"0.00000"},{"$f":"Q218*H218","v":{"v":0,"d":"0.00000"}},{"v":0,"d":"0.00000"},{"$f":"S218*H218","v":{"v":0,"d":"0.00000"}},{"$nulls":23},"4",null,"K","5",{"$nulls":3},"ROZPOCET",{"$nulls":5},{"$f":"IF(N218=\"základní\",J218,0)","v":{"v":-1439.75,"d":"-1,439.75"}},{"$f":"IF(N218=\"snížená\",J218,0)","v":{"v":0,"d":"0.00"}},{"$f":"IF(N218=\"zákl. přenesená\",J218,0)","v":{"v":0,"d":"0.00"}},{"$f":"IF(N218=\"sníž. přenesená\",J218,0)","v":{"v":0,"d":"0.00"}},{"$f":"IF(N218=\"nulová\",J218,0)","v":{"v":0,"d":"0.00"}},"1",{"$f":"ROUND(I218*H218,2)","v":{"v":-1439.75,"d":"-1,439.75"}},"4","-1642072097"]
[{"$nulls":3},"D","SO 910","VS Mikrobiologie",{"$nulls":3},{"$f":"BK219","v":{"v":-34656,"d":"-34,656.00"}},{"$nulls":5},{"$f":"P220+P224","v":{"v":0,"d":"0.00000"}},null,{"$f":"R220+R224","v":{"v":-0.218736,"d":"-0.21874"}},null,{"$f":"T220+T224","v":{"v":0,"d":"0.00000"}},{"$nulls":23},"1",null,"D","2",{"$nulls":3},"ROZPOCET",{"$nulls":11},{"$f":"BK220+BK224","v":{"v":-34656,"d":"-34,656.00"}}]
[{"$nulls":3},"D","D1.01.100","Architektonicko stavební část",{"$nulls":3},{"$f":"BK220","v":{"v":-2400,"d":"-2,400.00"}},{"$nulls":5},{"$f":"P221","v":{"v":0,"d":"0.00000"}},null,{"$f":"R221","v":{"v":-9.6e-05,"d":"-0.00010"}},null,{"$f":"T221","v":{"v":0,"d":"0.00000"}},{"$nulls":23},"1",null,"D","3",{"$nulls":3},"ROZPOCET",{"$nulls":11},{"$f":"BK221","v":{"v":-2400,"d":"-2,400.00"}}]
[{"$nulls":3},"D","HSV","Práce a dodávky HSV",{"$nulls":3},{"$f":"BK221","v":{"v":-2400,"d":"-2,400.00"}},{"$nulls":5},{"$f":"P222","v":{"v":0,"d":"0.00000"}},null,{"$f":"R222","v":{"v":-9.6e-05,"d":"-0.00010"}},null,{"$f":"T222","v":{"v":0,"d":"0.00000"}},{"$nulls":23},"1",null,"D","4",{"$nulls":3},"ROZPOCET",{"$nulls":11},{"$f":"BK222","v":{"v":-2400,"d":"-2,400.00"}}]
[{"$nulls":3},"D","9","Ostatní konstrukce a práce, bourání",{"$nulls":3},{"$f":"BK222","v":{"v":-2400,"d":"-2,400.00"}},{"$nulls":5},{"$f":"P223","v":{"v":0,"d":"0.00000"}},null,{"$f":"R223","v":{"v":-9.6e-05,"d":"-0.00010"}},null,{"$f":"T223","v":{"v":0,"d":"0.00000"}},{"$nulls":23},"1",null,"D","5",{"$nulls":3},"ROZPOCET",{"$nulls":11},{"$f":"BK223","v":{"v":-2400,"d":"-2,400.00"}}]
[null,null,"31","K","977211111","Řezání stěnovou pilou ŽB kcí s výztuží průměru do 16 mm hl do 200 mm","m",{"v":-1.2,"d":"-1.200"},{"v":2000,"d":"2,000.00"},{"$f":"ROUND(I223*H223,2)","v":{"v":-2400,"d":"-2,400.00"}},null,null,"","základní",{"v":0,"d":"0.00000"},{"$f":"O223*H223","v":{"v":0,"d":"0.00000"}},{"v":8e-05,"d":"0.00008"},{"$f":"Q223*H223","v":{"v":-9.6e-05,"d":"-0.00010"}},{"v":0,"d":"0.00000"},{"$f":"S223*H223","v":{"v":0,"d":"0.00000"}},{"$nulls":23},"4",null,"K","6",{"$nulls":3},"ROZPOCET",{"$nulls":5},{"$f":"IF(N223=\"základní\",J223,0)","v":{"v":-2400,"d":"-2,400.00"}},{"$f":"IF(N223=\"snížená\",J223,0)","v":{"v":0,"d":"0.00"}},{"$f":"IF(N223=\"zákl. přenesená\",J223,0)","v":{"v":0,"d":"0.00"}},{"$f":"IF(N223=\"sníž. přenesená\",J223,0)","v":{"v":0,"d":"0.00"}},{"$f":"IF(N223=\"nulová\",J223,0)","v":{"v":0,"d":"0.00"}},"1",{"$f":"ROUND(I223*H223,2)","v":{"v":-2400,"d":"-2,400.00"}},"4","-763720581"]
[{"$nulls":3},"D","D1.04.300","Vytápění VS",{"$nulls":3},{"$f":"BK224","v":{"v":-32256,"d":"-32,256.00"}},{"$nulls":5},{"$f":"P225","v":{"v":0,"d":"0.00000"}},null,{"$f":"R225","v":-0.21864},null,{"$f":"T225","v":{"v":0,"d":"0.00000"}},{"$nulls":23},"1",null,"D","3",{"$nulls":3},"ROZPOCET",{"$nulls":11},{"$f":"BK225","v":{"v":-32256,"d":"-32,256.00"}}]
[{"$nulls":3},"D","PSV","Práce a dodávky PSV",{"$nulls":3},{"$f":"BK225","v":{"v":-32256,"d":"-32,256.00"}},{"$nulls":5},{"$f":"P226+P229","v":{"v":0,"d":"0.00000"}},null,{"$f":"R226+R229","v":-0.21864},null,{"$f":"T226+T229","v":{"v":0,"d":"0.00000"}},{"$nulls":23},"2",null,"D","4",{"$nulls":3},"ROZPOCET",{"$nulls":11},{"$f":"BK226+BK229","v":{"v":-32256,"d":"-32,256.00"}}]
[{"$nulls":3},"D","733","Ústřední vytápění - potrubí",{"$nulls":3},{"$f":"BK226","v":{"v":-30696,"d":"-30,696.00"}},{"$nulls":5},{"$f":"SUM(P227:P228)","v":{"v":0,"d":"0.00000"}},null,{"$f":"SUM(R227:R228)","v":-0.21792},null,{"$f":"SUM(T227:T228)","v":{"v":0,"d":"0.00000"}},{"$nulls":23},"2",null,"D","5",{"$nulls":3},"ROZPOCET",{"$nulls":11},{"$f":"SUM(BK227:BK228)","v":{"v":-30696,"d":"-30,696.00"}}]
[null,null,"52","K","733121225","Potrubí ocelové hladké bezešvé v kotelnách nebo strojovnách D 89x3,6","m",{"v":-24,"d":"-24.000"},{"v":1260,"d":"1,260.00"},{"$f":"ROUND(I227*H227,2)","v":{"v":-30240,"d":"-30,240.00"}},null,null,"","základní",{"v":0,"d":"0.00000"},{"$f":"O227*H227","v":{"v":0,"d":"0.00000"}},0.00908,{"$f":"Q227*H227","v":-0.21792},{"v":0,"d":"0.00000"},{"$f":"S227*H227","v":{"v":0,"d":"0.00000"}},{"$nulls":23},"16",null,"K","6",{"$nulls":3},"ROZPOCET",{"$nulls":5},{"$f":"IF(N227=\"základní\",J227,0)","v":{"v":-30240,"d":"-30,240.00"}},{"$f":"IF(N227=\"snížená\",J227,0)","v":{"v":0,"d":"0.00"}},{"$f":"IF(N227=\"zákl. přenesená\",J227,0)","v":{"v":0,"d":"0.00"}},{"$f":"IF(N227=\"sníž. přenesená\",J227,0)","v":{"v":0,"d":"0.00"}},{"$f":"IF(N227=\"nulová\",J227,0)","v":{"v":0,"d":"0.00"}},"1",{"$f":"ROUND(I227*H227,2)","v":{"v":-30240,"d":"-30,240.00"}},"16","-841482511"]
[null,null,"60","K","733190225","Zkouška těsnosti potrubí ocelové hladké přes D 60,3x2,9 do D 89x5,0","m",{"v":-24,"d":"-24.000"},{"v":19,"d":"19.00"},{"$f":"ROUND(I228*H228,2)","v":{"v":-456,"d":"-456.00"}},null,null,"","základní",{"v":0,"d":"0.00000"},{"$f":"O228*H228","v":{"v":0,"d":"0.00000"}},{"v":0,"d":"0.00000"},{"$f":"Q228*H228","v":{"v":0,"d":"0.00000"}},{"v":0,"d":"0.00000"},{"$f":"S228*H228","v":{"v":0,"d":"0.00000"}},{"$nulls":23},"16",null,"K","6",{"$nulls":3},"ROZPOCET",{"$nulls":5},{"$f":"IF(N228=\"základní\",J228,0)","v":{"v":-456,"d":"-456.00"}},{"$f":"IF(N228=\"snížená\",J228,0)","v":{"v":0,"d":"0.00"}},{"$f":"IF(N228=\"zákl. přenesená\",J228,0)","v":{"v":0,"d":"0.00"}},{"$f":"IF(N228=\"sníž. přenesená\",J228,0)","v":{"v":0,"d":"0.00"}},{"$f":"IF(N228=\"nulová\",J228,0)","v":{"v":0,"d":"0.00"}},"1",{"$f":"ROUND(I228*H228,2)","v":{"v":-456,"d":"-456.00"}},"16","542781333"]
[{"$nulls":3},"D","783","Dokončovací práce - nátěry",{"$nulls":3},{"$f":"BK229","v":{"v":-1560,"d":"-1,560.00"}},{"$nulls":5},{"$f":"P230","v":{"v":0,"d":"0.00000"}},null,{"$f":"R230","v":-0.00072},null,{"$f":"T230","v":{"v":0,"d":"0.00000"}},{"$nulls":23},"2",null,"D","5",{"$nulls":3},"ROZPOCET",{"$nulls":11},{"$f":"BK230","v":{"v":-1560,"d":"-1,560.00"}}]
[null,null,"111","K","783425428","Nátěry potrubí ocelového","m",{"v":-24,"d":"-24.000"},{"v":65,"d":"65.00"},{"$f":"ROUND(I230*H230,2)","v":{"v":-1560,"d":"-1,560.00"}},null,null,"","základní",{"v":0,"d":"0.00000"},{"$f":"O230*H230","v":{"v":0,"d":"0.00000"}},{"v":3e-05,"d":"0.00003"},{"$f":"Q230*H230","v":-0.00072},{"v":0,"d":"0.00000"},{"$f":"S230*H230","v":{"v":0,"d":"0.00000"}},{"$nulls":23},"16",null,"K","6",{"$nulls":3},"ROZPOCET",{"$nulls":5},{"$f":"IF(N230=\"základní\",J230,0)","v":{"v":-1560,"d":"-1,560.00"}},{"$f":"IF(N230=\"snížená\",J230,0)","v":{"v":0,"d":"0.00"}},{"$f":"IF(N230=\"zákl. přenesená\",J230,0)","v":{"v":0,"d":"0.00"}},{"$f":"IF(N230=\"sníž. přenesená\",J230,0)","v":{"v":0,"d":"0.00"}},{"$f":"IF(N230=\"nulová\",J230,0)","v":{"v":0,"d":"0.00"}},"1",{"$f":"ROUND(I230*H230,2)","v":{"v":-1560,"d":"-1,560.00"}},"16","1902263840"]

{"sheet":"ZL43b - Nedofakturované p...","index":2,"n_rows":126,"n_cols":65,"rows_kept":126,"merged":[[1,11,1,21],[6,4,6,7],[8,4,8,7],[10,4,10,7],[28,4,28,7],[49,4,49,7],[51,4,51,7],[53,4,53,7],[84,4,84,7],[86,4,86,7],[88,4,88,7]]}
[]
[{"$nulls":45},"{5a31f9a6-2f99-481d-a6c4-ec555324ef17}"]
[{"$nulls":45},"2"]
[{"$nulls":3},"KRYCÍ LIST SOUPISU PRACÍ",{"$nulls":8},"v ---  níže se nacházejí doplnkové a pomocné údaje k sestavám  --- v",{"$nulls":32},"False"]
[]
[{"$nulls":3},"Stavba:"]
[{"$nulls":4},{"$f":"'Rekapitulace stavby'!K6","v":"KNL - výstavba objektu pro PET/CT - ZMĚNOVÉ LISTY"}]
[{"$nulls":3},"Objekt:"]
[{"$nulls":4},"DOD_05 - Nedofakturované položky"]
[{"$nulls":3},"Soupis:"]
[{"$nulls":4},"ZL43b - Nedofakturované položky z dodatků"]
[]
[{"$nulls":3},"KSO:",null,"8011121",null,null,"CC-CZ:",""]
[{"$nulls":3},"Místo:",null,"Liberec",null,null,"Datum:",{"$f":"'Rekapitulace stavby'!AN8","v":"31. 1. 2022"}]
[]
[{"$nulls":3},"Zadavatel:",{"$nulls":4},"IČ:","27283933"]
[{"$nulls":4},"Krajská nemocnice Liberec, a.s.",{"$nulls":3},"DIČ:","CZ2728393"]
[]
[{"$nulls":3},"Zhotovitel:",{"$nulls":4},"IČ:","26768607"]
[{"$nulls":4},"CL-EVANS s.r.o.",{"$nulls":3},"DIČ:","CZ26768607"]
[]
[{"$nulls":3},"Projektant:",{"$nulls":4},"IČ:","25410482"]
[{"$nulls":4},"STORING spol. s r. o.",{"$nulls":3},"DIČ:","CZ25410482"]
[]
[{"$nulls":3},"Zpracovatel:",{"$nulls":4},"IČ:",{"$f":"IF('Rekapitulace stavby'!AN19=\"\",\"\",'Rekapitulace stavby'!AN19)","v":""}]
[{"$nulls":4},{"$f":"IF('Rekapitulace stavby'!E20=\"\",\"\",'Rekapitulace stavby'!E20)","v":" "},{"$nulls":3},"DIČ:",{"$f":"IF('Rekapitulace stavby'!AN20=\"\",\"\",'Rekapitulace stavby'!AN20)","v":""}]
[]
[{"$nulls":3},"Poznámka:"]
[{"$nulls":4},""]
[]
[]
[{"$nulls":3},"Cena bez DPH",{"$nulls":5},{"$f":"ROUND(J97, 2)","v":{"v":-129329.06,"d":"-129,329.06"}}]
[]
[{"$nulls":5},"Základ daně",null,null,"Sazba daně","Výše daně"]
[{"$nulls":3},"DPH","základní",{"$f":"ROUND((SUM(BE97:BE126)),  2)","v":{"v":-129329.06,"d":"-129,329.06"}},null,null,{"v":0.21,"d":"21.00%"},{"$f":"ROUND(((SUM(BE97:BE126))*I35),  2)","v":{"v":-27159.1,"d":"-27,159.10"}}]
[{"$nulls":4},"snížená",{"$f":"ROUND((SUM(BF97:BF126)),  2)","v":{"v":0,"d":"0.00"}},null,null,{"v":0.15,"d":"15.00%"},{"$f":"ROUND(((SUM(BF97:BF126))*I36),  2)","v":{"v":0,"d":"0.00"}}]
[{"$nulls":4},"zákl. přenesená",{"$f":"ROUND((SUM(BG97:BG126)),  2)","v":{"v":0,"d":"0.00"}},null,null,{"v":0.21,"d":"21.00%"},{"$f":"0","v":{"v":0,"d":"0.00"}}]
[{"$nulls":4},"sníž. přenesená",{"$f":"ROUND((SUM(BH97:BH126)),  2)","v":{"v":0,"d":"0.00"}},null,null,{"v":0.15,"d":"15.00%"},{"$f":"0","v":{"v":0,"d":"0.00"}}]
[{"$nulls":4},"nulová",{"$f":"ROUND((SUM(BI97:BI126)),  2)","v":{"v":0,"d":"0.00"}},null,null,{"v":0,"d":"0.00%"},{"$f":"0","v":{"v":0,"d":"0.00"}}]
[]
[{"$nulls":3},"Cena s DPH",null,null,"v","CZK",null,{"$f":"SUM(J32:J39)","v":{"v":-156488.16,"d":"-156,488.16"}}]
[]
[]
[]
[]
[]
[null,null,"REKAPITULACE ČLENĚNÍ SOUPISU PRACÍ"]
[]
[null,null,"Stavba:"]
[{"$nulls":4},{"$f":"E7","v":"KNL - výstavba objektu pro PET/CT - ZMĚNOVÉ LISTY"}]
[null,null,"Objekt:"]
[{"$nulls":4},"DOD_05 - Nedofakturované položky"]
[null,null,"Soupis:"]
[{"$nulls":4},{"$f":"E11","v":"ZL43b - Nedofakturované položky z dodatků"}]
[]
[null,null,"Místo:",null,null,{"$f":"F14","v":"Liberec"},null,null,"Datum:",{"$f":"IF(J14=\"\",\"\",J14)","v":"31. 1. 2022"}]
[]
[null,null,"Zadavatel:",null,null,{"$f":"E17","v":"Krajská nemocnice Liberec, a.s."},null,null,"Projektant:",{"$f":"E23","v":"STORING spol. s r. o."}]
[null,null,"Zhotovitel:",null,null,{"$f":"IF(E20=\"\",\"\",E20)","v":"CL-EVANS s.r.o."},null,null,"Zpracovatel:",{"$f":"E26","v":" "}]
[]
[null,null,"Kód dílu - Popis",{"$nulls":6},"Cena celkem [CZK]"]
[]
[null,null,"Náklady stavby celkem",{"$nulls":6},{"$f":"J97","v":{"v":-129329.06,"d":"-129,329.06"}},{"$nulls":36},"-1"]
[{"$nulls":3},"DOD_02 - Dodatek č.2",{"$nulls":5},{"$f":"J98","v":{"v":-31472.420000000002,"d":"-31,472.42"}}]
[{"$nulls":3},"    ZL05 a - ARCH URS",{"$nulls":5},{"$f":"J99","v":{"v":-14082.300000000001,"d":"-14,082.30"}}]
[{"$nulls":3},"    ZL05b - ARCH R POL",{"$nulls":5},{"$f":"J105","v":{"v":-1695,"d":"-1,695.00"}}]
[{"$nulls":3},"    ZL 05e - Vytápění VS URS",{"$nulls":5},{"$f":"J109","v":{"v":-13797.36,"d":"-13,797.36"}}]
[{"$nulls":3},"    ZL05f - ZTI URS",{"$nulls":5},{"$f":"J111","v":{"v":-363.6,"d":"-363.60"}}]
[{"$nulls":3},"    ZL05i - Elektro Silno R pol",{"$nulls":5},{"$f":"J113","v":{"v":-1534.1599999999999,"d":"-1,534.16"}}]
[{"$nulls":3},"DOD_04 - Dodatek č.4",{"$nulls":5},{"$f":"J117","v":{"v":-97856.64,"d":"-97,856.64"}}]
[{"$nulls":3},"    ZL36 - Medicínská technologie",{"$nulls":5},{"$f":"J118","v":{"v":-97856.64,"d":"-97,856.64"}}]
[{"$nulls":3},"      4 - VRN",{"$nulls":5},{"$f":"J119","v":{"v":-97856.64,"d":"-97,856.64"}}]
[{"$nulls":3},"        0.30001 - Zařízení staveniště",{"$nulls":5},{"$f":"J120","v":{"v":-33056.64,"d":"-33,056.64"}}]
[{"$nulls":3},"        0.60001 - Územní vlivy",{"$nulls":5},{"$f":"J123","v":{"v":-2400,"d":"-2,400.00"}}]
[{"$nulls":3},"        VRN4 - Inženýrská činnost",{"$nulls":5},{"$f":"J125","v":{"v":-62400,"d":"-62,400.00"}}]
[]
[]
[]
[]
[]
[]
[null,null,"SOUPIS PRACÍ"]
[]
[null,null,"Stavba:"]
[{"$nulls":4},{"$f":"E7","v":"KNL - výstavba objektu pro PET/CT - ZMĚNOVÉ LISTY"}]
[null,null,"Objekt:"]
[{"$nulls":4},"DOD_05 - Nedofakturované položky"]
[null,null,"Soupis:"]
[{"$nulls":4},{"$f":"E11","v":"ZL43b - Nedofakturované položky z dodatků"}]
[]
[null,null,"Místo:",null,null,{"$f":"F14","v":"Liberec"},null,null,"Datum:",{"$f":"IF(J14=\"\",\"\",J14)","v":"31. 1. 2022"}]
[]
[null,null,"Zadavatel:",null,null,{"$f":"E17","v":"Krajská nemocnice Liberec, a.s."},null,null,"Projektant:",{"$f":"E23","v":"STORING spol. s r. o."}]
[null,null,"Zhotovitel:",null,null,{"$f":"IF(E20=\"\",\"\",E20)","v":"CL-EVANS s.r.o."},null,null,"Zpracovatel:",{"$f":"E26","v":" "}]
[]
[null,null,"PČ","Typ","Kód","Popis","MJ","Množství","J.cena [CZK]","Cena celkem [CZK]","Cenová soustava",null,"","DPH","J. Nh [h]","Nh celkem [h]","J. hmotnost [t]","Hmotnost celkem [t]","J. suť [t]","Suť Celkem [t]"]
[null,null,"Náklady soupisu celkem",{"$nulls":6},{"$f":"BK97","v":{"v":-129329.06,"d":"-129,329.06"}},{"$nulls":5},{"$f":"P98+P117","v":{"v":0,"d":"0.00000"}},null,{"$f":"R98+R117","v":{"v":0,"d":"0.00000"}},null,{"$f":"T98+T117","v":{"v":0,"d":"0.00000"}},{"$nulls":25},"D","-1",{"$nulls":15},{"$f":"BK98+BK117","v":{"v":-129329.06,"d":"-129,329.06"}}]
[{"$nulls":3},"D","DOD_02","Dodatek č.2",{"$nulls":3},{"$f":"BK98","v":{"v":-31472.420000000002,"d":"-31,472.42"}},{"$nulls":5},{"$f":"P99+P105+P109+P111+P113","v":{"v":0,"d":"0.00000"}},null,{"$f":"R99+R105+R109+R111+R113","v":{"v":0,"d":"0.00000"}},null,{"$f":"T99+T105+T109+T111+T113","v":{"v":0,"d":"0.00000"}},{"$nulls":23},"1",null,"D","0",{"$nulls":3},"ROZPOCET",{"$nulls":11},{"$f":"BK99+BK105+BK109+BK111+BK113","v":{"v":-31472.420000000002,"d":"-31,472.42"}}]
[{"$nulls":3},"D","ZL05 a","ARCH URS",{"$nulls":3},{"$f":"BK99","v":{"v":-14082.300000000001,"d":"-14,082.30"}},{"$nulls":5},{"$f":"SUM(P100:P104)","v":{"v":0,"d":"0.00000"}},null,{"$f":"SUM(R100:R104)","v":{"v":0,"d":"0.00000"}},null,{"$f":"SUM(T100:T104)","v":{"v":0,"d":"0.00000"}},{"$nulls":23},"1",null,"D","1",{"$nulls":3},"ROZPOCET",{"$nulls":11},{"$f":"SUM(BK100:BK104)","v":{"v":-14082.300000000001,"d":"-14,082.30"}}]
[null,null,"49","K","311113132","Nosná zeď tl do 200 mm z hladkých tvárnic ztraceného bednění včetně výplně z betonu tř. C 16/20","m2",-15.707,42.91,{"$f":"ROUND(I100*H100,2)","v":-673.99},null,null,"","základní",{"v":0,"d":"0.00000"},{"$f":"O100*H100","v":{"v":0,"d":"0.00000"}},{"v":0,"d":"0.00000"},{"$f":"Q100*H100","v":{"v":0,"d":"0.00000"}},{"v":0,"d":"0.00000"},{"$f":"S100*H100","v":{"v":0,"d":"0.00000"}},{"$nulls":23},"4",null,"K","2",{"$nulls":3},"ROZPOCET",{"$nulls":5},{"$f":"IF(N100=\"základní\",J100,0)","v":-673.99},{"$f":"IF(N100=\"snížená\",J100,0)","v":{"v":0,"d":"0.00"}},{"$f":"IF(N100=\"zákl. přenesená\",J100,0)","v":{"v":0,"d":"0.00"}},{"$f":"IF(N100=\"sníž. přenesená\",J100,0)","v":{"v":0,"d":"0.00"}},{"$f":"IF(N100=\"nulová\",J100,0)","v":{"v":0,"d":"0.00"}},"1",{"$f":"ROUND(I100*H100,2)","v":-673.99},"4","-1789368564"]
[null,null,"81","K","430361821","Výztuž schodišťové konstrukce a rampy betonářskou ocelí 10 505","t",{"v":-0.02,"d":"-0.020"},{"v":14935.38,"d":"14,935.38"},{"$f":"ROUND(I101*H101,2)","v":-298.71},null,null,"","základní",{"v":0,"d":"0.00000"},{"$f":"O101*H101","v":{"v":0,"d":"0.00000"}},{"v":0,"d":"0.00000"},{"$f":"Q101*H101","v":{"v":0,"d":"0.00000"}},{"v":0,"d":"0.00000"},{"$f":"S101*H101","v":{"v":0,"d":"0.00000"}},{"$nulls":23},"4",null,"K","2",{"$nulls":3},"ROZPOCET",{"$nulls":5},{"$f":"IF(N101=\"základní\",J101,0)","v":-298.71},{"$f":"IF(N101=\"snížená\",J101,0)","v":{"v":0,"d":"0.00"}},{"$f":"IF(N101=\"zákl. přenesená\",J101,0)","v":{"v":0,"d":"0.00"}},{"$f":"IF(N101=\"sníž. přenesená\",J101,0)","v":{"v":0,"d":"0.00"}},{"$f":"IF(N101=\"nulová\",J101,0)","v":{"v":0,"d":"0.00"}},"1",{"$f":"ROUND(I101*H101,2)","v":-298.71},"4","684063153"]
[null,null,"87","K","612131101","Podkladní a spojovací vrstva vnitřních omítaných ploch cementový postřik nanášený ručně celoplošně stěn","m2",-31.414,3.26,{"$f":"ROUND(I102*H102,2)","v":-102.41},null,null,"","základní",{"v":0,"d":"0.00000"},{"$f":"O102*H102","v":{"v":0,"d":"0.00000"}},{"v":0,"d":"0.00000"},{"$f":"Q102*H102","v":{"v":0,"d":"0.00000"}},{"v":0,"d":"0.00000"},{"$f":"S102*H102","v":{"v":0,"d":"0.00000"}},{"$nulls":23},"4",null,"K","2",{"$nulls":3},"ROZPOCET",{"$nulls":5},{"$f":"IF(N102=\"základní\",J102,0)","v":-102.41},{"$f":"IF(N102=\"snížená\",J102,0)","v":{"v":0,"d":"0.00"}},{"$f":"IF(N102=\"zákl. přenesená\",J102,0)","v":{"v":0,"d":"0.00"}},{"$f":"IF(N102=\"sníž. přenesená\",J102,0)","v":{"v":0,"d":"0.00"}},{"$f":"IF(N102=\"nulová\",J102,0)","v":{"v":0,"d":"0.00"}},"1",{"$f":"ROUND(I102*H102,2)","v":-102.41},"4","1068031963"]
[null,null,"88","K","612321141","Vápenocementová omítka štuková dvouvrstvá vnitřních stěn nanášená ručně","m2",-31.414,7.21,{"$f":"ROUND(I103*H103,2)","v":-226.49},null,null,"","základní",{"v":0,"d":"0.00000"},{"$f":"O103*H103","v":{"v":0,"d":"0.00000"}},{"v":0,"d":"0.00000"},{"$f":"Q103*H103","v":{"v":0,"d":"0.00000"}},{"v":0,"d":"0.00000"},{"$f":"S103*H103","v":{"v":0,"d":"0.00000"}},{"$nulls":23},"4",null,"K","2",{"$nulls":3},"ROZPOCET",{"$nulls":5},{"$f":"IF(N103=\"základní\",J103,0)","v":-226.49},{"$f":"IF(N103=\"snížená\",J103,0)","v":{"v":0,"d":"0.00"}},{"$f":"IF(N103=\"zákl. přenesená\",J103,0)","v":{"v":0,"d":"0.00"}},{"$f":"IF(N103=\"sníž. přenesená\",J103,0)","v":{"v":0,"d":"0.00"}},{"$f":"IF(N103=\"nulová\",J103,0)","v":{"v":0,"d":"0.00"}},"1",{"$f":"ROUND(I103*H103,2)","v":-226.49},"4","-1643390528"]
[null,null,"95","K","622221001","Montáž kontaktního zateplení lepením a mechanickým kotvením z desek z minerální vlny s podélnou orientací vláken na vnější stěny, tloušťky desek do 40 mm","m2",-128.708,{"v":99.3,"d":"99.30"},{"$f":"ROUND(I104*H104,2)","v":{"v":-12780.7,"d":"-12,780.70"}},null,null,"","základní",{"v":0,"d":"0.00000"},{"$f":"O104*H104","v":{"v":0,"d":"0.00000"}},{"v":0,"d":"0.00000"},{"$f":"Q104*H104","v":{"v":0,"d":"0.00000"}},{"v":0,"d":"0.00000"},{"$f":"S104*H104","v":{"v":0,"d":"0.00000"}},{"$nulls":23},"4",null,"K","2",{"$nulls":3},"ROZPOCET",{"$nulls":5},{"$f":"IF(N104=\"základní\",J104,0)","v":{"v":-12780.7,"d":"-12,780.70"}},{"$f":"IF(N104=\"snížená\",J104,0)","v":{"v":0,"d":"0.00"}},{"$f":"IF(N104=\"zákl. přenesená\",J104,0)","v":{"v":0,"d":"0.00"}},{"$f":"IF(N104=\"sníž. přenesená\",J104,0)","v":{"v":0,"d":"0.00"}},{"$f":"IF(N104=\"nulová\",J104,0)","v":{"v":0,"d":"0.00"}},"1",{"$f":"ROUND(I104*H104,2)","v":{"v":-12780.7,"d":"-12,780.70"}},"4","162362609"]
[{"$nulls":3},"D","ZL05b","ARCH R POL",{"$nulls":3},{"$f":"BK105","v":{"v":-1695,"d":"-1,695.00"}},{"$nulls":5},{"$f":"SUM(P106:P108)","v":{"v":0,"d":"0.00000"}},null,{"$f":"SUM(R106:R108)","v":{"v":0,"d":"0.00000"}},null,{"$f":"SUM(T106:T108)","v":{"v":0,"d":"0.00000"}},{"$nulls":23},"1",null,"D","1",{"$nulls":3},"ROZPOCET",{"$nulls":11},{"$f":"SUM(BK106:BK108)","v":{"v":-1695,"d":"-1,695.00"}}]
[null,null,"329","K","766-030","D + M Dveře jednokřídlé,900x2100mm levé, DTD s laminacÍ HPL, ocelová zárubeň - podrobný popis viz Tabulka dveří ozn. Di030","kus",{"v":-1,"d":"-1.000"},{"v":565,"d":"565.00"},{"$f":"ROUND(I106*H106,2)","v":{"v":-565,"d":"-565.00"}},null,null,"","základní",{"v":0,"d":"0.00000"},{"$f":"O106*H106","v":{"v":0,"d":"0.00000"}},{"v":0,"d":"0.00000"},{"$f":"Q106*H106","v":{"v":0,"d":"0.00000"}},{"v":0,"d":"0.00000"},{"$f":"S106*H106","v":{"v":0,"d":"0.00000"}},{"$nulls":23},"4",null,"K","2",{"$nulls":3},"ROZPOCET",{"$nulls":5},{"$f":"IF(N106=\"základní\",J106,0)","v":{"v":-565,"d":"-565.00"}},{"$f":"IF(N106=\"snížená\",J106,0)","v":{"v":0,"d":"0.00"}},{"$f":"IF(N106=\"zákl. přenesená\",J106,0)","v":{"v":0,"d":"0.00"}},{"$f":"IF(N106=\"sníž. přenesená\",J106,0)","v":{"v":0,"d":"0.00"}},{"$f":"IF(N106=\"nulová\",J106,0)","v":{"v":0,"d":"0.00"}},"1",{"$f":"ROUND(I106*H106,2)","v":{"v":-565,"d":"-565.00"}},"4","514263428"]
[null,null,"332","K","766-033","D + M Dveře jednokřídlé,800x2100mm pravé, DTD s laminacÍ HPL, ocelová zárubeň - podrobný popis viz Tabulka dveří ozn. Di033","kus",{"v":-1,"d":"-1.000"},{"v":565,"d":"565.00"},{"$f":"ROUND(I107*H107,2)","v":{"v":-565,"d":"-565.00"}},null,null,"","základní",{"v":0,"d":"0.00000"},{"$f":"O107*H107","v":{"v":0,"d":"0.00000"}},{"v":0,"d":"0.00000"},{"$f":"Q107*H107","v":{"v":0,"d":"0.00000"}},{"v":0,"d":"0.00000"},{"$f":"S107*H107","v":{"v":0,"d":"0.00000"}},{"$nulls":23},"4",null,"K","2",{"$nulls":3},"ROZPOCET",{"$nulls":5},{"$f":"IF(N107=\"základní\",J107,0)","v":{"v":-565,"d":"-565.00"}},{"$f":"IF(N107=\"snížená\",J107,0)","v":{"v":0,"d":"0.00"}},{"$f":"IF(N107=\"zákl. přenesená\",J107,0)","v":{"v":0,"d":"0.00"}},{"$f":"IF(N107=\"sníž. přenesená\",J107,0)","v":{"v":0,"d":"0.00"}},{"$f":"IF(N107=\"nulová\",J107,0)","v":{"v":0,"d":"0.00"}},"1",{"$f":"ROUND(I107*H107,2)","v":{"v":-565,"d":"-565.00"}},"4","258155162"]
[null,null,"335","K","766-036","D + M Dveře jednokřídlé,900x2100mm levé, DTD s laminacÍ HPL, ocelová zárubeň - podrobný popis viz Tabulka dveří ozn. Di036","kus",{"v":-1,"d":"-1.000"},{"v":565,"d":"565.00"},{"$f":"ROUND(I108*H108,2)","v":{"v":-565,"d":"-565.00"}},null,null,"","základní",{"v":0,"d":"0.00000"},{"$f":"O108*H108","v":{"v":0,"d":"0.00000"}},{"v":0,"d":"0.00000"},{"$f":"Q108*H108","v":{"v":0,"d":"0.00000"}},{"v":0,"d":"0.00000"},{"$f":"S108*H108","v":{"v":0,"d":"0.00000"}},{"$nulls":23},"4",null,"K","2",{"$nulls":3},"ROZPOCET",{"$nulls":5},{"$f":"IF(N108=\"základní\",J108,0)","v":{"v":-565,"d":"-565.00"}},{"$f":"IF(N108=\"snížená\",J108,0)","v":{"v":0,"d":"0.00"}},{"$f":"IF(N108=\"zákl. přenesená\",J108,0)","v":{"v":0,"d":"0.00"}},{"$f":"IF(N108=\"sníž. přenesená\",J108,0)","v":{"v":0,"d":"0.00"}},{"$f":"IF(N108=\"nulová\",J108,0)","v":{"v":0,"d":"0.00"}},"1",{"$f":"ROUND(I108*H108,2)","v":{"v":-565,"d":"-565.00"}},"4","1988985017"]
[{"$nulls":3},"D","ZL 05e","Vytápění VS URS",{"$nulls":3},{"$f":"BK109","v":{"v":-13797.36,"d":"-13,797.36"}},{"$nulls":5},{"$f":"P110","v":{"v":0,"d":"0.00000"}},null,{"$f":"R110","v":{"v":0,"d":"0.00000"}},null,{"$f":"T110","v":{"v":0,"d":"0.00000"}},{"$nulls":23},"1",null,"D","1",{"$nulls":3},"ROZPOCET",{"$nulls":11},{"$f":"BK110","v":{"v":-13797.36,"d":"-13,797.36"}}]
[null,null,"52","K","733121225","Potrubí ocelové hladké bezešvé v kotelnách nebo strojovnách D 89x3,6","m",{"v":-24,"d":"-24.000"},574.89,{"$f":"ROUND(I110*H110,2)","v":{"v":-13797.36,"d":"-13,797.36"}},null,null,"","základní",{"v":0,"d":"0.00000"},{"$f":"O110*H110","v":{"v":0,"d":"0.00000"}},{"v":0,"d":"0.00000"},{"$f":"Q110*H110","v":{"v":0,"d":"0.00000"}},{"v":0,"d":"0.00000"},{"$f":"S110*H110","v":{"v":0,"d":"0.00000"}},{"$nulls":23},"4",null,"K","2",{"$nulls":3},"ROZPOCET",{"$nulls":5},{"$f":"IF(N110=\"základní\",J110,0)","v":{"v":-13797.36,"d":"-13,797.36"}},{"$f":"IF(N110=\"snížená\",J110,0)","v":{"v":0,"d":"0.00"}},{"$f":"IF(N110=\"zákl. přenesená\",J110,0)","v":{"v":0,"d":"0.00"}},{"$f":"IF(N110=\"sníž. přenesená\",J110,0)","v":{"v":0,"d":"0.00"}},{"$f":"IF(N110=\"nulová\",J110,0)","v":{"v":0,"d":"0.00"}},"1",{"$f":"ROUND(I110*H110,2)","v":{"v":-13797.36,"d":"-13,797.36"}},"4","164746472"]
[{"$nulls":3},"D","ZL05f","ZTI URS",{"$nulls":3},{"$f":"BK111","v":{"v":-363.6,"d":"-363.60"}},{"$nulls":5},{"$f":"P112","v":{"v":0,"d":"0.00000"}},null,{"$f":"R112","v":{"v":0,"d":"0.00000"}},null,{"$f":"T112","v":{"v":0,"d":"0.00000"}},{"$nulls":23},"1",null,"D","1",{"$nulls":3},"ROZPOCET",{"$nulls":11},{"$f":"BK112","v":{"v":-363.6,"d":"-363.60"}}]
[null,null,"89","K","725319111","Montáž dřezu ostatních typů","soubor",{"v":-10,"d":"-10.000"},36.36,{"$f":"ROUND(I112*H112,2)","v":{"v":-363.6,"d":"-363.60"}},null,null,"","základní",{"v":0,"d":"0.00000"},{"$f":"O112*H112","v":{"v":0,"d":"0.00000"}},{"v":0,"d":"0.00000"},{"$f":"Q112*H112","v":{"v":0,"d":"0.00000"}},{"v":0,"d":"0.00000"},{"$f":"S112*H112","v":{"v":0,"d":"0.00000"}},{"$nulls":23},"4",null,"K","2",{"$nulls":3},"ROZPOCET",{"$nulls":5},{"$f":"IF(N112=\"základní\",J112,0)","v":{"v":-363.6,"d":"-363.60"}},{"$f":"IF(N112=\"snížená\",J112,0)","v":{"v":0,"d":"0.00"}},{"$f":"IF(N112=\"zákl. přenesená\",J112,0)","v":{"v":0,"d":"0.00"}},{"$f":"IF(N112=\"sníž. přenesená\",J112,0)","v":{"v":0,"d":"0.00"}},{"$f":"IF(N112=\"nulová\",J112,0)","v":{"v":0,"d":"0.00"}},"1",{"$f":"ROUND(I112*H112,2)","v":{"v":-363.6,"d":"-363.60"}},"4","2141275816"]
[{"$nulls":3},"D","ZL05i","Elektro Silno R pol",{"$nulls":3},{"$f":"BK113","v":{"v":-1534.1599999999999,"d":"-1,534.16"}},{"$nulls":5},{"$f":"SUM(P114:P116)","v":{"v":0,"d":"0.00000"}},null,{"$f":"SUM(R114:R116)","v":{"v":0,"d":"0.00000"}},null,{"$f":"SUM(T114:T116)","v":{"v":0,"d":"0.00000"}},{"$nulls":23},"1",null,"D","1",{"$nulls":3},"ROZPOCET",{"$nulls":11},{"$f":"SUM(BK114:BK116)","v":{"v":-1534.1599999999999,"d":"-1,534.16"}}]
[null,null,"38","K","741003.005","D - SVÍTIDLO PRŮMYSLOVÉ PŘISAZENÉ / LED / 34W / 4000K / Ra 80 / IP66 / EVG, vstupní napětí 220-240V, udržovaná hodnota světelného toku po dobu životnosti 4500 lm, CRI>80, polykarbonát, optická část UV stabilizována, minimální délka svítidla 1500mm, vyzařování celkově max 150°, maximální příkon včetně zdroje 35W, PFC>0,95, životnost svítidla dle TM21 (IEC) min. 50000 hodin, rozsah provozních teplot bez ztráty záruky a parametrů 0°C-44°C,plná záruka 5 let bez vymezení výrobcem; dodávka + montáž","ks",{"v":-4,"d":"-4.000"},77.92,{"$f":"ROUND(I114*H114,2)","v":-311.68},null,null,"","základní",{"v":0,"d":"0.00000"},{"$f":"O114*H114","v":{"v":0,"d":"0.00000"}},{"v":0,"d":"0.00000"},{"$f":"Q114*H114","v":{"v":0,"d":"0.00000"}},{"v":0,"d":"0.00000"},{"$f":"S114*H114","v":{"v":0,"d":"0.00000"}},{"$nulls":23},"4",null,"K","2",{"$nulls":3},"ROZPOCET",{"$nulls":5},{"$f":"IF(N114=\"základní\",J114,0)","v":-311.68},{"$f":"IF(N114=\"snížená\",J114,0)","v":{"v":0,"d":"0.00"}},{"$f":"IF(N114=\"zákl. přenesená\",J114,0)","v":{"v":0,"d":"0.00"}},{"$f":"IF(N114=\"sníž. přenesená\",J114,0)","v":{"v":0,"d":"0.00"}},{"$f":"IF(N114=\"nulová\",J114,0)","v":{"v":0,"d":"0.00"}},"1",{"$f":"ROUND(I114*H114,2)","v":-311.68},"4","1789187137"]
[null,null,"46","K","741003.013","Svítidlo pod kuchyňskou linku se spínačem a vidlicí; dodávka + montáž","ks",{"v":-20,"d":"-20.000"},50.07,{"$f":"ROUND(I115*H115,2)","v":{"v":-1001.4,"d":"-1,001.40"}},null,null,"","základní",{"v":0,"d":"0.00000"},{"$f":"O115*H115","v":{"v":0,"d":"0.00000"}},{"v":0,"d":"0.00000"},{"$f":"Q115*H115","v":{"v":0,"d":"0.00000"}},{"v":0,"d":"0.00000"},{"$f":"S115*H115","v":{"v":0,"d":"0.00000"}},{"$nulls":23},"4",null,"K","2",{"$nulls":3},"ROZPOCET",{"$nulls":5},{"$f":"IF(N115=\"základní\",J115,0)","v":{"v":-1001.4,"d":"-1,001.40"}},{"$f":"IF(N115=\"snížená\",J115,0)","v":{"v":0,"d":"0.00"}},{"$f":"IF(N115=\"zákl. přenesená\",J115,0)","v":{"v":0,"d":"0.00"}},{"$f":"IF(N115=\"sníž. přenesená\",J115,0)","v":{"v":0,"d":"0.00"}},{"$f":"IF(N115=\"nulová\",J115,0)","v":{"v":0,"d":"0.00"}},"1",{"$f":"ROUND(I115*H115,2)","v":{"v":-1001.4,"d":"-1,001.40"}},"4","-80046472"]
[null,null,"51","K","741003.018","P2 - SVÍTIDLO NÁSTĚNNÉ / LED / 5,8W / IP65 / EM3h / PIKTOGRAM; dodávka + montáž","ks",{"v":-2,"d":"-2.000"},110.54,{"$f":"ROUND(I116*H116,2)","v":-221.08},null,null,"","základní",{"v":0,"d":"0.00000"},{"$f":"O116*H116","v":{"v":0,"d":"0.00000"}},{"v":0,"d":"0.00000"},{"$f":"Q116*H116","v":{"v":0,"d":"0.00000"}},{"v":0,"d":"0.00000"},{"$f":"S116*H116","v":{"v":0,"d":"0.00000"}},{"$nulls":23},"4",null,"K","2",{"$nulls":3},"ROZPOCET",{"$nulls":5},{"$f":"IF(N116=\"základní\",J116,0)","v":-221.08},{"$f":"IF(N116=\"snížená\",J116,0)","v":{"v":0,"d":"0.00"}},{"$f":"IF(N116=\"zákl. přenesená\",J116,0)","v":{"v":0,"d":"0.00"}},{"$f":"IF(N116=\"sníž. přenesená\",J116,0)","v":{"v":0,"d":"0.00"}},{"$f":"IF(N116=\"nulová\",J116,0)","v":{"v":0,"d":"0.00"}},"1",{"$f":"ROUND(I116*H116,2)","v":-221.08},"4","910588887"]
[{"$nulls":3},"D","DOD_04","Dodatek č.4",{"$nulls":3},{"$f":"BK117","v":{"v":-97856.64,"d":"-97,856.64"}},{"$nulls":5},{"$f":"P118","v":{"v":0,"d":"0.00000"}},null,{"$f":"R118","v":{"v":0,"d":"0.00000"}},null,{"$f":"T118","v":{"v":0,"d":"0.00000"}},{"$nulls":23},"1",null,"D","0",{"$nulls":3},"ROZPOCET",{"$nulls":11},{"$f":"BK118","v":{"v":-97856.64,"d":"-97,856.64"}}]
[{"$nulls":3},"D","ZL36","Medicínská technologie",{"$nulls":3},{"$f":"BK118","v":{"v":-97856.64,"d":"-97,856.64"}},{"$nulls":5},{"$f":"P119","v":{"v":0,"d":"0.00000"}},null,{"$f":"R119","v":{"v":0,"d":"0.00000"}},null,{"$f":"T119","v":{"v":0,"d":"0.00000"}},{"$nulls":23},"1",null,"D","1",{"$nulls":3},"ROZPOCET",{"$nulls":11},{"$f":"BK119","v":{"v":-97856.64,"d":"-97,856.64"}}]
[{"$nulls":3},"D","4","VRN",{"$nulls":3},{"$f":"BK119","v":{"v":-97856.64,"d":"-97,856.64"}},{"$nulls":5},{"$f":"P120+P123+P125","v":{"v":0,"d":"0.00000"}},null,{"$f":"R120+R123+R125","v":{"v":0,"d":"0.00000"}},null,{"$f":"T120+T123+T125","v":{"v":0,"d":"0.00000"}},{"$nulls":23},"1",null,"D","2",{"$nulls":3},"ROZPOCET",{"$nulls":11},{"$f":"BK120+BK123+BK125","v":{"v":-97856.64,"d":"-97,856.64"}}]
[{"$nulls":3},"D","0.30001","Zařízení staveniště",{"$nulls":3},{"$f":"BK120","v":{"v":-33056.64,"d":"-33,056.64"}},{"$nulls":5},{"$f":"SUM(P121:P122)","v":{"v":0,"d":"0.00000"}},null,{"$f":"SUM(R121:R122)","v":{"v":0,"d":"0.00000"}},null,{"$f":"SUM(T121:T122)","v":{"v":0,"d":"0.00000"}},{"$nulls":23},"1",null,"D","3",{"$nulls":3},"ROZPOCET",{"$nulls":11},{"$f":"SUM(BK121:BK122)","v":{"v":-33056.64,"d":"-33,056.64"}}]
[null,null,"17","K","0.30001x02","Oplocení staveniště po celou dobu stavby včetně vjezdů a vstupů. Oplocení výšky 1,80 m, neprůhledné, staticky zajištěno proti povětrnostním vlivům, branka a brána zamykatelná.","bm",{"v":-4,"d":"-4.000"},{"v":1250,"d":"1,250.00"},{"$f":"ROUND(I121*H121,2)","v":{"v":-5000,"d":"-5,000.00"}},null,null,"","základní",{"v":0,"d":"0.00000"},{"$f":"O121*H121","v":{"v":0,"d":"0.00000"}},{"v":0,"d":"0.00000"},{"$f":"Q121*H121","v":{"v":0,"d":"0.00000"}},{"v":0,"d":"0.00000"},{"$f":"S121*H121","v":{"v":0,"d":"0.00000"}},{"$nulls":23},"4",null,"K","4",{"$nulls":3},"ROZPOCET",{"$nulls":5},{"$f":"IF(N121=\"základní\",J121,0)","v":{"v":-5000,"d":"-5,000.00"}},{"$f":"IF(N121=\"snížená\",J121,0)","v":{"v":0,"d":"0.00"}},{"$f":"IF(N121=\"zákl. přenesená\",J121,0)","v":{"v":0,"d":"0.00"}},{"$f":"IF(N121=\"sníž. přenesená\",J121,0)","v":{"v":0,"d":"0.00"}},{"$f":"IF(N121=\"nulová\",J121,0)","v":{"v":0,"d":"0.00"}},"1",{"$f":"ROUND(I121*H121,2)","v":{"v":-5000,"d":"-5,000.00"}},"4","-496757279"]
[null,null,"16","K","030001000","Zařízení staveniště v minimální skladbě 1 ks buňky kancelářské, 1 ks buňky šatní pro zaměstnance, 1 ks skladového kontejneru po celou dobu stavby.","soubor",{"v":-0.8,"d":"-0.800"},{"v":35070.8,"d":"35,070.80"},{"$f":"ROUND(I122*H122,2)","v":{"v":-28056.64,"d":"-28,056.64"}},null,null,"","základní",{"v":0,"d":"0.00000"},{"$f":"O122*H122","v":{"v":0,"d":"0.00000"}},{"v":0,"d":"0.00000"},{"$f":"Q122*H122","v":{"v":0,"d":"0.00000"}},{"v":0,"d":"0.00000"},{"$f":"S122*H122","v":{"v":0,"d":"0.00000"}},{"$nulls":23},"4",null,"K","4",{"$nulls":3},"ROZPOCET",{"$nulls":5},{"$f":"IF(N122=\"základní\",J122,0)","v":{"v":-28056.64,"d":"-28,056.64"}},{"$f":"IF(N122=\"snížená\",J122,0)","v":{"v":0,"d":"0.00"}},{"$f":"IF(N122=\"zákl. přenesená\",J122,0)","v":{"v":0,"d":"0.00"}},{"$f":"IF(N122=\"sníž. přenesená\",J122,0)","v":{"v":0,"d":"0.00"}},{"$f":"IF(N122=\"nulová\",J122,0)","v":{"v":0,"d":"0.00"}},"1",{"$f":"ROUND(I122*H122,2)","v":{"v":-28056.64,"d":"-28,056.64"}},"4","580707015"]
[{"$nulls":3},"D","0.60001","Územní vlivy",{"$nulls":3},{"$f":"BK123","v":{"v":-2400,"d":"-2,400.00"}},{"$nulls":5},{"$f":"P124","v":{"v":0,"d":"0.00000"}},null,{"$f":"R124","v":{"v":0,"d":"0.00000"}},null,{"$f":"T124","v":{"v":0,"d":"0.00000"}},{"$nulls":23},"1",null,"D","3",{"$nulls":3},"ROZPOCET",{"$nulls":11},{"$f":"BK124","v":{"v":-2400,"d":"-2,400.00"}}]
[null,null,"27","K","0.60001x01","Zajištění bezpečnosti při plnění předmětu zakázky a zajištění ochrany životního prostředí zhotovitelem v průběhu realizace bez ovlivnění a nepříznivých dopadů na životní prostředí a okolí","soubor",{"v":-0.8,"d":"-0.800"},{"v":3000,"d":"3,000.00"},{"$f":"ROUND(I124*H124,2)","v":{"v":-2400,"d":"-2,400.00"}},null,null,"","základní",{"v":0,"d":"0.00000"},{"$f":"O124*H124","v":{"v":0,"d":"0.00000"}},{"v":0,"d":"0.00000"},{"$f":"Q124*H124","v":{"v":0,"d":"0.00000"}},{"v":0,"d":"0.00000"},{"$f":"S124*H124","v":{"v":0,"d":"0.00000"}},{"$nulls":23},"4",null,"K","4",{"$nulls":3},"ROZPOCET",{"$nulls":5},{"$f":"IF(N124=\"základní\",J124,0)","v":{"v":-2400,"d":"-2,400.00"}},{"$f":"IF(N124=\"snížená\",J124,0)","v":{"v":0,"d":"0.00"}},{"$f":"IF(N124=\"zákl. přenesená\",J124,0)","v":{"v":0,"d":"0.00"}},{"$f":"IF(N124=\"sníž. přenesená\",J124,0)","v":{"v":0,"d":"0.00"}},{"$f":"IF(N124=\"nulová\",J124,0)","v":{"v":0,"d":"0.00"}},"1",{"$f":"ROUND(I124*H124,2)","v":{"v":-2400,"d":"-2,400.00"}},"4","-1997787322"]
[{"$nulls":3},"D","VRN4","Inženýrská činnost",{"$nulls":3},{"$f":"BK125","v":{"v":-62400,"d":"-62,400.00"}},{"$nulls":5},{"$f":"P126","v":{"v":0,"d":"0.00000"}},null,{"$f":"R126","v":{"v":0,"d":"0.00000"}},null,{"$f":"T126","v":{"v":0,"d":"0.00000"}},{"$nulls":23},"5",null,"D","3",{"$nulls":3},"ROZPOCET",{"$nulls":11},{"$f":"BK126","v":{"v":-62400,"d":"-62,400.00"}}]
[null,null,"837","K","045203000","Kompletační a koordinační činnost","Kč",{"v":-62400,"d":"-62,400.000"},{"v":1,"d":"1.00"},{"$f":"ROUND(I126*H126,2)","v":{"v":-62400,"d":"-62,400.00"}},null,null,"","základní",{"v":0,"d":"0.00000"},{"$f":"O126*H126","v":{"v":0,"d":"0.00000"}},{"v":0,"d":"0.00000"},{"$f":"Q126*H126","v":{"v":0,"d":"0.00000"}},{"v":0,"d":"0.00000"},{"$f":"S126*H126","v":{"v":0,"d":"0.00000"}},{"$nulls":23},"4",null,"K","4",{"$nulls":3},"ROZPOCET",{"$nulls":5},{"$f":"IF(N126=\"základní\",J126,0)","v":{"v":-62400,"d":"-62,400.00"}},{"$f":"IF(N126=\"snížená\",J126,0)","v":{"v":0,"d":"0.00"}},{"$f":"IF(N126=\"zákl. přenesená\",J126,0)","v":{"v":0,"d":"0.00"}},{"$f":"IF(N126=\"sníž. přenesená\",J126,0)","v":{"v":0,"d":"0.00"}},{"$f":"IF(N126=\"nulová\",J126,0)","v":{"v":0,"d":"0.00"}},"1",{"$f":"ROUND(I126*H126,2)","v":{"v":-62400,"d":"-62,400.00"}},"4","-1056093549"]